Zakręć światem i odgadnij kraje - Statystyki

Ogólne statystyki
  • Ten quiz został rozwiązany 12 346 razy
  • Średni wynik to 10 z 15
Odpowiedzi na mapie
Odpowiedzi zakodowano w zielono-czerwonej skali na mapie do tego quizu, zgodnie z poniższymi procentami.
 
Statystyki odpowiedzi
Państwo Państwo % Poprawnych
Państwo Albania
100%
Państwo Argentyna
100%
Państwo Australia
100%
Państwo Australia
100%
Państwo Belgia
100%
Państwo Belgia
100%
Państwo Benin
100%
Państwo Białoruś
100%
Państwo Bośnia i Hercegowina
100%
Państwo Brazylia
100%
Państwo Bułgaria
100%
Państwo Chile
100%
Państwo Chiny
100%
Państwo Chiny
100%
Państwo Chiny
100%
Państwo Chiny
100%
Państwo Chiny
100%
Państwo Chiny
100%
Państwo Chorwacja
100%
Państwo Czad
100%
Państwo Czarnogóra
100%
Państwo Czechy
100%
Państwo Demokratyczna Republika Konga
100%
Państwo Egipt
100%
Państwo Egipt
100%
Państwo Francja
100%
Państwo Francja
100%
Państwo Francja
100%
Państwo Francja
100%
Państwo Francja
100%
Państwo Francja
100%
Państwo Ghana
100%
Państwo Grecja
100%
Państwo Grecja
100%
Państwo Hiszpania
100%
Państwo Hiszpania
100%
Państwo Kosowo
100%
Państwo Liberia
100%
Państwo Litwa
100%
Państwo Macedonia Północna
100%
Państwo Mali
100%
Państwo Malta
100%
Państwo Maroko
100%
Państwo Meksyk
100%
Państwo Meksyk
100%
Państwo Mongolia
100%
Państwo Niemcy
100%
Państwo Niemcy
100%
Państwo Niemcy
100%
Państwo Niemcy
100%
Państwo Niger
100%
Państwo Niger
100%
Państwo Nigeria
100%
Państwo Nigeria
100%
Państwo Norwegia
100%
Państwo Nowa Zelandia
100%
Państwo Polska
100%
Państwo Polska
100%
Państwo Polska
100%
Państwo Polska
100%
Państwo Polska
100%
Państwo Polska
100%
Państwo Polska
100%
Państwo Polska
100%
Państwo Portugalia
100%
Państwo Rosja
100%
Państwo Rosja
100%
Państwo Rosja
100%
Państwo Rosja
100%
Państwo Rosja
100%
Państwo Rosja
100%
Państwo Rosja
100%
Państwo Rosja
100%
Państwo Rosja
100%
Państwo Rosja
100%
Państwo Rosja
100%
Państwo Rosja
100%
Państwo Rumunia
100%
Państwo Serbia
100%
Państwo Sierra Leone
100%
Państwo Słowacja
100%
Państwo Stany Zjednoczone
100%
Państwo Stany Zjednoczone
100%
Państwo Stany Zjednoczone
100%
Państwo Stany Zjednoczone
100%
Państwo Stany Zjednoczone
100%
Państwo Stany Zjednoczone
100%
Państwo Togo
100%
Państwo Turcja
100%
Państwo Ukraina
100%
Państwo Włochy
100%
Państwo Włochy
100%
Państwo Włochy
100%
Państwo Wyspy Marshalla
100%
Państwo Estonia
98%
Państwo Francja
98%
Państwo Łotwa
98%
Państwo Niemcy
98%
Państwo Niemcy
98%
Państwo Polska
98%
Państwo Polska
98%
Państwo Polska
98%
Państwo Polska
98%
Państwo Rosja
98%
Państwo Rosja
98%
Państwo Rosja
98%
Państwo Rumunia
98%
Państwo Słowacja
98%
Państwo Węgry
98%
Państwo Wielka Brytania
98%
Państwo Białoruś
97%
Państwo Chiny
97%
Państwo Czechy
97%
Państwo Czechy
97%
Państwo Francja
97%
Państwo Holandia
97%
Państwo Niemcy
97%
Państwo Niemcy
97%
Państwo Niemcy
97%
Państwo Polska
97%
Państwo Polska
97%
Państwo Polska
97%
Państwo Polska
97%
Państwo Polska
97%
Państwo Rosja
97%
Państwo Rosja
97%
Państwo Rosja
97%
Państwo Szwecja
97%
Państwo Ukraina
97%
Państwo Wielka Brytania
97%
Państwo Wietnam
97%
Państwo Argentyna
96%
Państwo Brazylia
96%
Państwo Chiny
96%
Państwo Chiny
96%
Państwo Chiny
96%
Państwo Francja
96%
Państwo Holandia
96%
Państwo Japonia
96%
Państwo Kanada
96%
Państwo Kanada
96%
Państwo Kanada
96%
Państwo Meksyk
96%
Państwo Niemcy
96%
Państwo Polska
96%
Państwo Polska
96%
Państwo Rosja
96%
Państwo Rosja
96%
Państwo Rosja
96%
Państwo Stany Zjednoczone
96%
Państwo Stany Zjednoczone
96%
Państwo Stany Zjednoczone
96%
Państwo Stany Zjednoczone
96%
Państwo Tajlandia
96%
Państwo Algieria
95%
Państwo Austria
95%
Państwo Belgia
95%
Państwo Brazylia
95%
Państwo Chiny
95%
Państwo Chiny
95%
Państwo Chiny
95%
Państwo Czechy
95%
Państwo Dania
95%
Państwo Ekwador
95%
Państwo Francja
95%
Państwo Francja
95%
Państwo Francja
95%
Państwo Hiszpania
95%
Państwo Hiszpania
95%
Państwo Holandia
95%
Państwo Indie
95%
Państwo Indonezja
95%
Państwo Indonezja
95%
Państwo Indonezja
95%
Państwo Polska
95%
Państwo Polska
95%
Państwo Polska
95%
Państwo Republika Południowej Afryki
95%
Państwo Rosja
95%
Państwo Rosja
95%
Państwo Szwajcaria
95%
Państwo Szwecja
95%
Państwo Tajlandia
95%
Państwo Ukraina
95%
Państwo Ukraina
95%
Państwo Włochy
95%
Państwo Albania
94%
Państwo Algieria
94%
Państwo Andora
94%
Państwo Andora
94%
Państwo Argentyna
94%
Państwo Australia
94%
Państwo Australia
94%
Państwo Austria
94%
Państwo Belgia
94%
Państwo Białoruś
94%
Państwo Chiny
94%
Państwo Chiny
94%
Państwo Chiny
94%
Państwo Czarnogóra
94%
Państwo Czechy
94%
Państwo Czechy
94%
Państwo Czechy
94%
Państwo Dania
94%
Państwo Dania
94%
Państwo Dania
94%
Państwo Dania
94%
Państwo Demokratyczna Republika Konga
94%
Państwo Egipt
94%
Państwo Egipt
94%
Państwo Egipt
94%
Państwo Estonia
94%
Państwo Francja
94%
Państwo Francja
94%
Państwo Holandia
94%
Państwo Holandia
94%
Państwo Indie
94%
Państwo Indonezja
94%
Państwo Irak
94%
Państwo Iran
94%
Państwo Izrael
94%
Państwo Kanada
94%
Państwo Kazachstan
94%
Państwo Libia
94%
Państwo Litwa
94%
Państwo Litwa
94%
Państwo Litwa
94%
Państwo Łotwa
94%
Państwo Łotwa
94%
Państwo Niemcy
94%
Państwo Niemcy
94%
Państwo Niemcy
94%
Państwo Niemcy
94%
Państwo Norwegia
94%
Państwo Pakistan
94%
Państwo Panama
94%
Państwo Polska
94%
Państwo Polska
94%
Państwo Polska
94%
Państwo Portugalia
94%
Państwo Republika Południowej Afryki
94%
Państwo Republika Południowej Afryki
94%
Państwo Republika Południowej Afryki
94%
Państwo Rosja
94%
Państwo Rosja
94%
Państwo Rosja
94%
Państwo Serbia
94%
Państwo Słowacja
94%
Państwo Słowacja
94%
Państwo Słowacja
94%
Państwo Somalia
94%
Państwo Sudan
94%
Państwo Sudan Południowy
94%
Państwo Syria
94%
Państwo Tanzania
94%
Państwo Tunezja
94%
Państwo Turcja
94%
Państwo Turcja
94%
Państwo Ukraina
94%
Państwo Watykan
94%
Państwo Wielka Brytania
94%
Państwo Wietnam
94%
Państwo Arabia Saudyjska
93%
Państwo Belgia
93%
Państwo Białoruś
93%
Państwo Białoruś
93%
Państwo Białoruś
93%
Państwo Brazylia
93%
Państwo Chiny
93%
Państwo Chiny
93%
Państwo Czechy
93%
Państwo Dania
93%
Państwo Estonia
93%
Państwo Francja
93%
Państwo Indie
93%
Państwo Indie
93%
Państwo Indie
93%
Państwo Japonia
93%
Państwo Litwa
93%
Państwo Łotwa
93%
Państwo Meksyk
93%
Państwo Mołdawia
93%
Państwo Nepal
93%
Państwo Niemcy
93%
Państwo Niemcy
93%
Państwo Niemcy
93%
Państwo Niemcy
93%
Państwo Niemcy
93%
Państwo Norwegia
93%
Państwo Palau
93%
Państwo Polska
93%
Państwo Rosja
93%
Państwo Rosja
93%
Państwo Słowacja
93%
Państwo Słowacja
93%
Państwo Stany Zjednoczone
93%
Państwo Tajlandia
93%
Państwo Ukraina
93%
Państwo Ukraina
93%
Państwo Ukraina
93%
Państwo Węgry
93%
Państwo Wietnam
93%
Państwo Włochy
93%
Państwo Włochy
93%
Państwo Albania
92%
Państwo Algieria
92%
Państwo Austria
92%
Państwo Belgia
92%
Państwo Bośnia i Hercegowina
92%
Państwo Bułgaria
92%
Państwo Chiny
92%
Państwo Chiny
92%
Państwo Chiny
92%
Państwo Chorwacja
92%
Państwo Czad
92%
Państwo Czarnogóra
92%
Państwo Dania
92%
Państwo Dania
92%
Państwo Demokratyczna Republika Konga
92%
Państwo Grecja
92%
Państwo Hiszpania
92%
Państwo Holandia
92%
Państwo Indie
92%
Państwo Japonia
92%
Państwo Kosowo
92%
Państwo Libia
92%
Państwo Luksemburg
92%
Państwo Macedonia Północna
92%
Państwo Mongolia
92%
Państwo Norwegia
92%
Państwo Rosja
92%
Państwo Rumunia
92%
Państwo Serbia
92%
Państwo Słowacja
92%
Państwo Somalia
92%
Państwo Somalia
92%
Państwo Szwecja
92%
Państwo Tadżykistan
92%
Państwo Turcja
92%
Państwo Algieria
91%
Państwo Algieria
91%
Państwo Australia
91%
Państwo Australia
91%
Państwo Belgia
91%
Państwo Belgia
91%
Państwo Belgia
91%
Państwo Białoruś
91%
Państwo Chiny
91%
Państwo Czechy
91%
Państwo Czechy
91%
Państwo Czechy
91%
Państwo Dania
91%
Państwo Demokratyczna Republika Konga
91%
Państwo Egipt
91%
Państwo Estonia
91%
Państwo Francja
91%
Państwo Francja
91%
Państwo Francja
91%
Państwo Francja
91%
Państwo Indie
91%
Państwo Irak
91%
Państwo Iran
91%
Państwo Kongo
91%
Państwo Korea Południowa
91%
Państwo Łotwa
91%
Państwo Niemcy
91%
Państwo Niemcy
91%
Państwo Niemcy
91%
Państwo Niemcy
91%
Państwo Niger
91%
Państwo Niger
91%
Państwo Nowa Zelandia
91%
Państwo Pakistan
91%
Państwo Polska
91%
Państwo Rumunia
91%
Państwo Słowacja
91%
Państwo Stany Zjednoczone
91%
Państwo Szwajcaria
91%
Państwo Szwecja
91%
Państwo Tunezja
91%
Państwo Albania
90%
Państwo Argentyna
90%
Państwo Argentyna
90%
Państwo Belgia
90%
Państwo Brazylia
90%
Państwo Brazylia
90%
Państwo Bułgaria
90%
Państwo Chile
90%
Państwo Chiny
90%
Państwo Chiny
90%
Państwo Czechy
90%
Państwo Czechy
90%
Państwo Czechy
90%
Państwo Dania
90%
Państwo Demokratyczna Republika Konga
90%
Państwo Francja
90%
Państwo Francja
90%
Państwo Francja
90%
Państwo Grecja
90%
Państwo Grecja
90%
Państwo Grecja
90%
Państwo Hiszpania
90%
Państwo Holandia
90%
Państwo Indie
90%
Państwo Indie
90%
Państwo Japonia
90%
Państwo Kambodża
90%
Państwo Kazachstan
90%
Państwo Kazachstan
90%
Państwo Kolumbia
90%
Państwo Kolumbia
90%
Państwo Kongo
90%
Państwo Libia
90%
Państwo Luksemburg
90%
Państwo Luksemburg
90%
Państwo Luksemburg
90%
Państwo Macedonia Północna
90%
Państwo Macedonia Północna
90%
Państwo Maroko
90%
Państwo Mozambik
90%
Państwo Niemcy
90%
Państwo Niemcy
90%
Państwo Peru
90%
Państwo Portugalia
90%
Państwo Republika Południowej Afryki
90%
Państwo Rumunia
90%
Państwo Rumunia
90%
Państwo Serbia
90%
Państwo Serbia
90%
Państwo Słowacja
90%
Państwo Słowacja
90%
Państwo Słowacja
90%
Państwo Słowacja
90%
Państwo Szwajcaria
90%
Państwo Szwajcaria
90%
Państwo Szwecja
90%
Państwo Tajlandia
90%
Państwo Tunezja
90%
Państwo Turcja
90%
Państwo Ukraina
90%
Państwo Ukraina
90%
Państwo Urugwaj
90%
Państwo Wielka Brytania
90%
Państwo Włochy
90%
Państwo Włochy
90%
Państwo Włochy
90%
Państwo Włochy
90%
Państwo Zambia
90%
Państwo Australia
89%
Państwo Austria
89%
Państwo Belgia
89%
Państwo Białoruś
89%
Państwo Boliwia
89%
Państwo Bośnia i Hercegowina
89%
Państwo Brazylia
89%
Państwo Chile
89%
Państwo Chiny
89%
Państwo Dania
89%
Państwo Demokratyczna Republika Konga
89%
Państwo Demokratyczna Republika Konga
89%
Państwo Demokratyczna Republika Konga
89%
Państwo Egipt
89%
Państwo Egipt
89%
Państwo Estonia
89%
Państwo Etiopia
89%
Państwo Filipiny
89%
Państwo Francja
89%
Państwo Francja
89%
Państwo Hiszpania
89%
Państwo Holandia
89%
Państwo Holandia
89%
Państwo Indie
89%
Państwo Indie
89%
Państwo Indie
89%
Państwo Kenia
89%
Państwo Kosowo
89%
Państwo Kuba
89%
Państwo Laos
89%
Państwo Lesotho
89%
Państwo Litwa
89%
Państwo Litwa
89%
Państwo Łotwa
89%
Państwo Łotwa
89%
Państwo Luksemburg
89%
Państwo Macedonia Północna
89%
Państwo Malezja
89%
Państwo Mali
89%
Państwo Niemcy
89%
Państwo Niemcy
89%
Państwo Norwegia
89%
Państwo Rumunia
89%
Państwo Rumunia
89%
Państwo Samoa
89%
Państwo Słowacja
89%
Państwo Sri Lanka
89%
Państwo Sudan
89%
Państwo Szwecja
89%
Państwo Szwecja
89%
Państwo Tanzania
89%
Państwo Tuvalu
89%
Państwo Ukraina
89%
Państwo Urugwaj
89%
Państwo Węgry
89%
Państwo Wenezuela
89%
Państwo Wielka Brytania
89%
Państwo Wietnam
89%
Państwo Wietnam
89%
Państwo Włochy
89%
Państwo Włochy
89%
Państwo Włochy
89%
Państwo Algieria
88%
Państwo Arabia Saudyjska
88%
Państwo Belgia
88%
Państwo Brazylia
88%
Państwo Brazylia
88%
Państwo Brazylia
88%
Państwo Czechy
88%
Państwo Dania
88%
Państwo Demokratyczna Republika Konga
88%
Państwo Estonia
88%
Państwo Estonia
88%
Państwo Finlandia
88%
Państwo Ghana
88%
Państwo Indie
88%
Państwo Indie
88%
Państwo Indie
88%
Państwo Indonezja
88%
Państwo Indonezja
88%
Państwo Irlandia
88%
Państwo Japonia
88%
Państwo Jemen
88%
Państwo Jordania
88%
Państwo Kenia
88%
Państwo Kongo
88%
Państwo Kuba
88%
Państwo Libia
88%
Państwo Libia
88%
Państwo Litwa
88%
Państwo Litwa
88%
Państwo Litwa
88%
Państwo Łotwa
88%
Państwo Łotwa
88%
Państwo Luksemburg
88%
Państwo Luksemburg
88%
Państwo Maroko
88%
Państwo Maroko
88%
Państwo Meksyk
88%
Państwo Niemcy
88%
Państwo Niemcy
88%
Państwo Niger
88%
Państwo Niger
88%
Państwo Nigeria
88%
Państwo Norwegia
88%
Państwo Oman
88%
Państwo Palau
88%
Państwo Papua-Nowa Gwinea
88%
Państwo Paragwaj
88%
Państwo Rosja
88%
Państwo Słowacja
88%
Państwo Sudan
88%
Państwo Szwajcaria
88%
Państwo Szwecja
88%
Państwo Tunezja
88%
Państwo Tunezja
88%
Państwo Ukraina
88%
Państwo Węgry
88%
Państwo Wenezuela
88%
Państwo Zimbabwe
88%
Państwo Afganistan
87%
Państwo Austria
87%
Państwo Boliwia
87%
Państwo Chile
87%
Państwo Demokratyczna Republika Konga
87%
Państwo Estonia
87%
Państwo Indonezja
87%
Państwo Indonezja
87%
Państwo Iran
87%
Państwo Kazachstan
87%
Państwo Kirgistan
87%
Państwo Korea Północna
87%
Państwo Malezja
87%
Państwo Mongolia
87%
Państwo Niger
87%
Państwo Pakistan
87%
Państwo Pakistan
87%
Państwo Peru
87%
Państwo Rosja
87%
Państwo Sudan
87%
Państwo Sudan
87%
Państwo Szwajcaria
87%
Państwo Szwecja
87%
Państwo Tadżykistan
87%
Państwo Turkmenistan
87%
Państwo Ukraina
87%
Państwo Wielka Brytania
87%
Państwo Wietnam
87%
Państwo Włochy
87%
Państwo Włochy
87%
Państwo Albania
86%
Państwo Austria
86%
Państwo Austria
86%
Państwo Boliwia
86%
Państwo Chiny
86%
Państwo Chiny
86%
Państwo Chorwacja
86%
Państwo Czechy
86%
Państwo Dania
86%
Państwo Dania
86%
Państwo Dania
86%
Państwo Egipt
86%
Państwo Erytrea
86%
Państwo Estonia
86%
Państwo Francja
86%
Państwo Holandia
86%
Państwo Indie
86%
Państwo Indie
86%
Państwo Indie
86%
Państwo Indie
86%
Państwo Indonezja
86%
Państwo Japonia
86%
Państwo Jemen
86%
Państwo Kazachstan
86%
Państwo Kirgistan
86%
Państwo Korea Północna
86%
Państwo Korea Południowa
86%
Państwo Laos
86%
Państwo Laos
86%
Państwo Libia
86%
Państwo Łotwa
86%
Państwo Luksemburg
86%
Państwo Mołdawia
86%
Państwo Mongolia
86%
Państwo Mongolia
86%
Państwo Nauru
86%
Państwo Nigeria
86%
Państwo Norwegia
86%
Państwo Oman
86%
Państwo Portugalia
86%
Państwo Rumunia
86%
Państwo Rumunia
86%
Państwo San Marino
86%
Państwo Słowacja
86%
Państwo Słowenia
86%
Państwo Słowenia
86%
Państwo Somalia
86%
Państwo Stany Zjednoczone
86%
Państwo Sudan
86%
Państwo Tajlandia
86%
Państwo Turcja
86%
Państwo Turkmenistan
86%
Państwo Watykan
86%
Państwo Węgry
86%
Państwo Wenezuela
86%
Państwo Wielka Brytania
86%
Państwo Zjednoczone Emiraty Arabskie
86%
Państwo Albania
85%
Państwo Arabia Saudyjska
85%
Państwo Austria
85%
Państwo Belgia
85%
Państwo Botswana
85%
Państwo Bułgaria
85%
Państwo Bułgaria
85%
Państwo Chiny
85%
Państwo Chiny
85%
Państwo Czechy
85%
Państwo Dania
85%
Państwo Demokratyczna Republika Konga
85%
Państwo Egipt
85%
Państwo Estonia
85%
Państwo Eswatini
85%
Państwo Finlandia
85%
Państwo Hiszpania
85%
Państwo Holandia
85%
Państwo Honduras
85%
Państwo Kazachstan
85%
Państwo Kazachstan
85%
Państwo Kolumbia
85%
Państwo Kongo
85%
Państwo Kongo
85%
Państwo Kosowo
85%
Państwo Kuba
85%
Państwo Lesotho
85%
Państwo Luksemburg
85%
Państwo Mali
85%
Państwo Mongolia
85%
Państwo Niger
85%
Państwo Nigeria
85%
Państwo Paragwaj
85%
Państwo Portugalia
85%
Państwo Republika Południowej Afryki
85%
Państwo Republika Środkowoafrykańska
85%
Państwo Słowacja
85%
Państwo Słowenia
85%
Państwo Stany Zjednoczone
85%
Państwo Szwecja
85%
Państwo Tunezja
85%
Państwo Turkmenistan
85%
Państwo Ukraina
85%
Państwo Węgry
85%
Państwo Włochy
85%
Państwo Arabia Saudyjska
84%
Państwo Argentyna
84%
Państwo Australia
84%
Państwo Austria
84%
Państwo Boliwia
84%
Państwo Brunei
84%
Państwo Demokratyczna Republika Konga
84%
Państwo Ekwador
84%
Państwo Francja
84%
Państwo Holandia
84%
Państwo Indie
84%
Państwo Indie
84%
Państwo Indie
84%
Państwo Indie
84%
Państwo Irak
84%
Państwo Iran
84%
Państwo Iran
84%
Państwo Iran
84%
Państwo Jamajka
84%
Państwo Kambodża
84%
Państwo Kolumbia
84%
Państwo Lesotho
84%
Państwo Litwa
84%
Państwo Malawi
84%
Państwo Mjanma
84%
Państwo Mjanma
84%
Państwo Mongolia
84%
Państwo Mozambik
84%
Państwo Mozambik
84%
Państwo Paragwaj
84%
Państwo Peru
84%
Państwo Peru
84%
Państwo Republika Południowej Afryki
84%
Państwo Rosja
84%
Państwo Słowenia
84%
Państwo Sudan
84%
Państwo Szwajcaria
84%
Państwo Tajwan
84%
Państwo Urugwaj
84%
Państwo Uzbekistan
84%
Państwo Węgry
84%
Państwo Włochy
84%
Państwo Zambia
84%
Państwo Zimbabwe
84%
Państwo Afganistan
83%
Państwo Algieria
83%
Państwo Algieria
83%
Państwo Angola
83%
Państwo Austria
83%
Państwo Austria
83%
Państwo Azerbejdżan
83%
Państwo Belgia
83%
Państwo Bhutan
83%
Państwo Botswana
83%
Państwo Bułgaria
83%
Państwo Chiny
83%
Państwo Chiny
83%
Państwo Chiny
83%
Państwo Chiny
83%
Państwo Chorwacja
83%
Państwo Czad
83%
Państwo Demokratyczna Republika Konga
83%
Państwo Egipt
83%
Państwo Eswatini
83%
Państwo Filipiny
83%
Państwo Francja
83%
Państwo Francja
83%
Państwo Holandia
83%
Państwo Holandia
83%
Państwo Indie
83%
Państwo Indie
83%
Państwo Indie
83%
Państwo Iran
83%
Państwo Iran
83%
Państwo Jamajka
83%
Państwo Jemen
83%
Państwo Kambodża
83%
Państwo Kazachstan
83%
Państwo Kazachstan
83%
Państwo Kongo
83%
Państwo Kongo
83%
Państwo Korea Południowa
83%
Państwo Laos
83%
Państwo Libia
83%
Państwo Libia
83%
Państwo Libia
83%
Państwo Luksemburg
83%
Państwo Luksemburg
83%
Państwo Malezja
83%
Państwo Malta
83%
Państwo Maroko
83%
Państwo Maroko
83%
Państwo Mjanma
83%
Państwo Mjanma
83%
Państwo Mołdawia
83%
Państwo Mołdawia
83%
Państwo Mongolia
83%
Państwo Mozambik
83%
Państwo Namibia
83%
Państwo Nepal
83%
Państwo Niemcy
83%
Państwo Niemcy
83%
Państwo Norwegia
83%
Państwo Norwegia
83%
Państwo Oman
83%
Państwo Paragwaj
83%
Państwo Rumunia
83%
Państwo Rumunia
83%
Państwo Singapur
83%
Państwo Somalia
83%
Państwo Sri Lanka
83%
Państwo Stany Zjednoczone
83%
Państwo Sudan Południowy
83%
Państwo Sudan Południowy
83%
Państwo Szwecja
83%
Państwo Tadżykistan
83%
Państwo Tajlandia
83%
Państwo Tajlandia
83%
Państwo Tajwan
83%
Państwo Tajwan
83%
Państwo Tajwan
83%
Państwo Uganda
83%
Państwo Uzbekistan
83%
Państwo Uzbekistan
83%
Państwo Węgry
83%
Państwo Węgry
83%
Państwo Węgry
83%
Państwo Wielka Brytania
83%
Państwo Wietnam
83%
Państwo Wietnam
83%
Państwo Wietnam
83%
Państwo Włochy
83%
Państwo Zambia
83%
Państwo Afganistan
82%
Państwo Afganistan
82%
Państwo Algieria
82%
Państwo Angola
82%
Państwo Belgia
82%
Państwo Belgia
82%
Państwo Białoruś
82%
Państwo Brazylia
82%
Państwo Czad
82%
Państwo Egipt
82%
Państwo Fidżi
82%
Państwo Holandia
82%
Państwo Indie
82%
Państwo Indie
82%
Państwo Indonezja
82%
Państwo Iran
82%
Państwo Jamajka
82%
Państwo Kamerun
82%
Państwo Kenia
82%
Państwo Kostaryka
82%
Państwo Kuba
82%
Państwo Libia
82%
Państwo Libia
82%
Państwo Łotwa
82%
Państwo Mali
82%
Państwo Mali
82%
Państwo Mali
82%
Państwo Maroko
82%
Państwo Mołdawia
82%
Państwo Mongolia
82%
Państwo Nauru
82%
Państwo Nigeria
82%
Państwo Norwegia
82%
Państwo Norwegia
82%
Państwo Pakistan
82%
Państwo Papua-Nowa Gwinea
82%
Państwo Papua-Nowa Gwinea
82%
Państwo Peru
82%
Państwo Republika Południowej Afryki
82%
Państwo Senegal
82%
Państwo Somalia
82%
Państwo Sudan
82%
Państwo Sudan
82%
Państwo Szwajcaria
82%
Państwo Szwajcaria
82%
Państwo Szwecja
82%
Państwo Tadżykistan
82%
Państwo Tadżykistan
82%
Państwo Tonga
82%
Państwo Tunezja
82%
Państwo Turkmenistan
82%
Państwo Uzbekistan
82%
Państwo Uzbekistan
82%
Państwo Uzbekistan
82%
Państwo Vanuatu
82%
Państwo Vanuatu
82%
Państwo Wielka Brytania
82%
Państwo Wielka Brytania
82%
Państwo Włochy
82%
Państwo Wyspy Salomona
82%
Państwo Andora
81%
Państwo Austria
81%
Państwo Azerbejdżan
81%
Państwo Belgia
81%
Państwo Boliwia
81%
Państwo Brazylia
81%
Państwo Chorwacja
81%
Państwo Czad
81%
Państwo Demokratyczna Republika Konga
81%
Państwo Egipt
81%
Państwo Ekwador
81%
Państwo Filipiny
81%
Państwo Francja
81%
Państwo Gujana
81%
Państwo Gwatemala
81%
Państwo Haiti
81%
Państwo Indie
81%
Państwo Indie
81%
Państwo Indonezja
81%
Państwo Irak
81%
Państwo Iran
81%
Państwo Izrael
81%
Państwo Kanada
81%
Państwo Kazachstan
81%
Państwo Kazachstan
81%
Państwo Laos
81%
Państwo Laos
81%
Państwo Macedonia Północna
81%
Państwo Meksyk
81%
Państwo Monako
81%
Państwo Panama
81%
Państwo Paragwaj
81%
Państwo Peru
81%
Państwo Republika Południowej Afryki
81%
Państwo Rosja
81%
Państwo Słowenia
81%
Państwo Stany Zjednoczone
81%
Państwo Szwecja
81%
Państwo Tajlandia
81%
Państwo Tajlandia
81%
Państwo Tajlandia
81%
Państwo Tajwan
81%
Państwo Uzbekistan
81%
Państwo Węgry
81%
Państwo Wenezuela
81%
Państwo Wielka Brytania
81%
Państwo Wietnam
81%
Państwo Wietnam
81%
Państwo Wietnam
81%
Państwo Andora
80%
Państwo Angola
80%
Państwo Argentyna
80%
Państwo Argentyna
80%
Państwo Austria
80%
Państwo Austria
80%
Państwo Boliwia
80%
Państwo Bośnia i Hercegowina
80%
Państwo Chile
80%
Państwo Chorwacja
80%
Państwo Chorwacja
80%
Państwo Czarnogóra
80%
Państwo Czarnogóra
80%
Państwo Demokratyczna Republika Konga
80%
Państwo Demokratyczna Republika Konga
80%
Państwo Dominikana
80%
Państwo Egipt
80%
Państwo Ekwador
80%
Państwo Etiopia
80%
Państwo Finlandia
80%
Państwo Francja
80%
Państwo Haiti
80%
Państwo Holandia
80%
Państwo Indonezja
80%
Państwo Kenia
80%
Państwo Kenia
80%
Państwo Kirgistan
80%
Państwo Kirgistan
80%
Państwo Kolumbia
80%
Państwo Kolumbia
80%
Państwo Kosowo
80%
Państwo Libia
80%
Państwo Libia
80%
Państwo Mołdawia
80%
Państwo Namibia
80%
Państwo Niemcy
80%
Państwo Peru
80%
Państwo Peru
80%
Państwo Rumunia
80%
Państwo San Marino
80%
Państwo Słowacja
80%
Państwo Sudan
80%
Państwo Surinam
80%
Państwo Szwecja
80%
Państwo Tanzania
80%
Państwo Turkmenistan
80%
Państwo Urugwaj
80%
Państwo Watykan
80%
Państwo Węgry
80%
Państwo Wenezuela
80%
Państwo Włochy
80%
Państwo Włochy
80%
Państwo Włochy
80%
Państwo Włochy
80%
Państwo Włochy
80%
Państwo Włochy
80%
Państwo Włochy
80%
Państwo Włochy
80%
Państwo Zambia
80%
Państwo Afganistan
79%
Państwo Afganistan
79%
Państwo Algieria
79%
Państwo Algieria
79%
Państwo Angola
79%
Państwo Argentyna
79%
Państwo Austria
79%
Państwo Bangladesz
79%
Państwo Boliwia
79%
Państwo Botswana
79%
Państwo Brazylia
79%
Państwo Brazylia
79%
Państwo Chiny
79%
Państwo Chiny
79%
Państwo Chorwacja
79%
Państwo Chorwacja
79%
Państwo Cypr
79%
Państwo Czechy
79%
Państwo Egipt
79%
Państwo Estonia
79%
Państwo Eswatini
79%
Państwo Etiopia
79%
Państwo Etiopia
79%
Państwo Francja
79%
Państwo Gujana
79%
Państwo Indie
79%
Państwo Indie
79%
Państwo Indie
79%
Państwo Indonezja
79%
Państwo Indonezja
79%
Państwo Irak
79%
Państwo Izrael
79%
Państwo Japonia
79%
Państwo Katar
79%
Państwo Kenia
79%
Państwo Kiribati
79%
Państwo Korea Południowa
79%
Państwo Korea Południowa
79%
Państwo Kuwejt
79%
Państwo Libia
79%
Państwo Litwa
79%
Państwo Luksemburg
79%
Państwo Malediwy
79%
Państwo Mikronezja
79%
Państwo Mjanma
79%
Państwo Mongolia
79%
Państwo Mongolia
79%
Państwo Namibia
79%
Państwo Niger
79%
Państwo Nigeria
79%
Państwo Oman
79%
Państwo Pakistan
79%
Państwo Papua-Nowa Gwinea
79%
Państwo Paragwaj
79%
Państwo Rumunia
79%
Państwo Rumunia
79%
Państwo Samoa
79%
Państwo Serbia
79%
Państwo Słowacja
79%
Państwo Słowacja
79%
Państwo Somalia
79%
Państwo Stany Zjednoczone
79%
Państwo Stany Zjednoczone
79%
Państwo Surinam
79%
Państwo Syria
79%
Państwo Szwajcaria
79%
Państwo Tajlandia
79%
Państwo Tajlandia
79%
Państwo Tajlandia
79%
Państwo Tajwan
79%
Państwo Turcja
79%
Państwo Turcja
79%
Państwo Turkmenistan
79%
Państwo Tuvalu
79%
Państwo Vanuatu
79%
Państwo Węgry
79%
Państwo Wielka Brytania
79%
Państwo Wietnam
79%
Państwo Wietnam
79%
Państwo Włochy
79%
Państwo Włochy
79%
Państwo Wyspy Marshalla
79%
Państwo Wyspy Salomona
79%
Państwo Zambia
79%
Państwo Afganistan
78%
Państwo Arabia Saudyjska
78%
Państwo Arabia Saudyjska
78%
Państwo Australia
78%
Państwo Austria
78%
Państwo Bangladesz
78%
Państwo Boliwia
78%
Państwo Brazylia
78%
Państwo Chorwacja
78%
Państwo Dania
78%
Państwo Fidżi
78%
Państwo Filipiny
78%
Państwo Filipiny
78%
Państwo Filipiny
78%
Państwo Francja
78%
Państwo Ghana
78%
Państwo Gwinea
78%
Państwo Holandia
78%
Państwo Holandia
78%
Państwo Indie
78%
Państwo Indie
78%
Państwo Indonezja
78%
Państwo Indonezja
78%
Państwo Irak
78%
Państwo Iran
78%
Państwo Iran
78%
Państwo Iran
78%
Państwo Irlandia
78%
Państwo Irlandia
78%
Państwo Kazachstan
78%
Państwo Kongo
78%
Państwo Kuba
78%
Państwo Libia
78%
Państwo Luksemburg
78%
Państwo Malezja
78%
Państwo Maroko
78%
Państwo Mauretania
78%
Państwo Mikronezja
78%
Państwo Mołdawia
78%
Państwo Nepal
78%
Państwo Nepal
78%
Państwo Nigeria
78%
Państwo Nikaragua
78%
Państwo Nowa Zelandia
78%
Państwo Palau
78%
Państwo Papua-Nowa Gwinea
78%
Państwo Peru
78%
Państwo Rumunia
78%
Państwo Senegal
78%
Państwo Serbia
78%
Państwo Słowacja
78%
Państwo Szwajcaria
78%
Państwo Szwajcaria
78%
Państwo Szwecja
78%
Państwo Tadżykistan
78%
Państwo Tajlandia
78%
Państwo Tanzania
78%
Państwo Turcja
78%
Państwo Vanuatu
78%
Państwo Węgry
78%
Państwo Węgry
78%
Państwo Wielka Brytania
78%
Państwo Wielka Brytania
78%
Państwo Wietnam
78%
Państwo Włochy
78%
Państwo Wyspy Salomona
78%
Państwo Zjednoczone Emiraty Arabskie
78%
Państwo Afganistan
77%
Państwo Algieria
77%
Państwo Arabia Saudyjska
77%
Państwo Armenia
77%
Państwo Bangladesz
77%
Państwo Brazylia
77%
Państwo Chiny
77%
Państwo Chorwacja
77%
Państwo Czad
77%
Państwo Czad
77%
Państwo Demokratyczna Republika Konga
77%
Państwo Fidżi
77%
Państwo Ghana
77%
Państwo Gruzja
77%
Państwo Indie
77%
Państwo Irak
77%
Państwo Iran
77%
Państwo Iran
77%
Państwo Iran
77%
Państwo Irlandia
77%
Państwo Jemen
77%
Państwo Kamerun
77%
Państwo Katar
77%
Państwo Kirgistan
77%
Państwo Kirgistan
77%
Państwo Kirgistan
77%
Państwo Malta
77%
Państwo Malta
77%
Państwo Maroko
77%
Państwo Mauretania
77%
Państwo Nauru
77%
Państwo Nepal
77%
Państwo Niger
77%
Państwo Oman
77%
Państwo Pakistan
77%
Państwo Pakistan
77%
Państwo Palau
77%
Państwo Senegal
77%
Państwo Szwecja
77%
Państwo Tadżykistan
77%
Państwo Turcja
77%
Państwo Turkmenistan
77%
Państwo Uzbekistan
77%
Państwo Węgry
77%
Państwo Wyspy Marshalla
77%
Państwo Boliwia
76%
Państwo Bośnia i Hercegowina
76%
Państwo Botswana
76%
Państwo Czad
76%
Państwo Czechy
76%
Państwo Demokratyczna Republika Konga
76%
Państwo Ekwador
76%
Państwo Fidżi
76%
Państwo Francja
76%
Państwo Gabon
76%
Państwo Gruzja
76%
Państwo Gujana
76%
Państwo Gujana
76%
Państwo Hiszpania
76%
Państwo Irak
76%
Państwo Iran
76%
Państwo Iran
76%
Państwo Irlandia
76%
Państwo Irlandia
76%
Państwo Izrael
76%
Państwo Kambodża
76%
Państwo Kambodża
76%
Państwo Kamerun
76%
Państwo Kazachstan
76%
Państwo Kiribati
76%
Państwo Laos
76%
Państwo Liban
76%
Państwo Luksemburg
76%
Państwo Malezja
76%
Państwo Mołdawia
76%
Państwo Mołdawia
76%
Państwo Mozambik
76%
Państwo Nepal
76%
Państwo Nikaragua
76%
Państwo Panama
76%
Państwo Samoa
76%
Państwo Serbia
76%
Państwo Słowacja
76%
Państwo Słowenia
76%
Państwo Stany Zjednoczone
76%
Państwo Surinam
76%
Państwo Szwecja
76%
Państwo Tadżykistan
76%
Państwo Tajwan
76%
Państwo Tajwan
76%
Państwo Tuvalu
76%
Państwo Watykan
76%
Państwo Wielka Brytania
76%
Państwo Wietnam
76%
Państwo Włochy
76%
Państwo Włochy
76%
Państwo Wyspy Marshalla
76%
Państwo Zambia
76%
Państwo Zambia
76%
Państwo Algieria
75%
Państwo Arabia Saudyjska
75%
Państwo Australia
75%
Państwo Bangladesz
75%
Państwo Bhutan
75%
Państwo Brazylia
75%
Państwo Burkina Faso
75%
Państwo Chorwacja
75%
Państwo Chorwacja
75%
Państwo Czad
75%
Państwo Demokratyczna Republika Konga
75%
Państwo Estonia
75%
Państwo Francja
75%
Państwo Gruzja
75%
Państwo Indie
75%
Państwo Indonezja
75%
Państwo Irak
75%
Państwo Izrael
75%
Państwo Jemen
75%
Państwo Kambodża
75%
Państwo Kambodża
75%
Państwo Kambodża
75%
Państwo Kamerun
75%
Państwo Kiribati
75%
Państwo Kongo
75%
Państwo Korea Północna
75%
Państwo Laos
75%
Państwo Laos
75%
Państwo Lesotho
75%
Państwo Libia
75%
Państwo Łotwa
75%
Państwo Madagaskar
75%
Państwo Malawi
75%
Państwo Malezja
75%
Państwo Mali
75%
Państwo Mali
75%
Państwo Maroko
75%
Państwo Mauretania
75%
Państwo Mauretania
75%
Państwo Mjanma
75%
Państwo Niger
75%
Państwo Niger
75%
Państwo Norwegia
75%
Państwo Oman
75%
Państwo Pakistan
75%
Państwo Pakistan
75%
Państwo Portugalia
75%
Państwo Republika Środkowoafrykańska
75%
Państwo Rwanda
75%
Państwo Senegal
75%
Państwo Somalia
75%
Państwo Somalia
75%
Państwo Somalia
75%
Państwo Sudan
75%
Państwo Sudan
75%
Państwo Sudan
75%
Państwo Syria
75%
Państwo Szwecja
75%
Państwo Tajlandia
75%
Państwo Tajlandia
75%
Państwo Tanzania
75%
Państwo Tuvalu
75%
Państwo Uganda
75%
Państwo Wielka Brytania
75%
Państwo Wielka Brytania
75%
Państwo Wielka Brytania
75%
Państwo Wietnam
75%
Państwo Włochy
75%
Państwo Wybrzeże Kości Słoniowej
75%
Państwo Wyspy Marshalla
75%
Państwo Zimbabwe
75%
Państwo Angola
74%
Państwo Argentyna
74%
Państwo Armenia
74%
Państwo Austria
74%
Państwo Austria
74%
Państwo Azerbejdżan
74%
Państwo Azerbejdżan
74%
Państwo Bośnia i Hercegowina
74%
Państwo Bułgaria
74%
Państwo Bułgaria
74%
Państwo Chorwacja
74%
Państwo Chorwacja
74%
Państwo Czad
74%
Państwo Dominikana
74%
Państwo Eswatini
74%
Państwo Etiopia
74%
Państwo Gruzja
74%
Państwo Gruzja
74%
Państwo Haiti
74%
Państwo Honduras
74%
Państwo Honduras
74%
Państwo Indie
74%
Państwo Irak
74%
Państwo Iran
74%
Państwo Izrael
74%
Państwo Izrael
74%
Państwo Jamajka
74%
Państwo Katar
74%
Państwo Kenia
74%
Państwo Kirgistan
74%
Państwo Kongo
74%
Państwo Kosowo
74%
Państwo Kostaryka
74%
Państwo Kostaryka
74%
Państwo Laos
74%
Państwo Laos
74%
Państwo Malezja
74%
Państwo Nepal
74%
Państwo Niger
74%
Państwo Pakistan
74%
Państwo Pakistan
74%
Państwo Panama
74%
Państwo Republika Środkowoafrykańska
74%
Państwo Rumunia
74%
Państwo Salwador
74%
Państwo Serbia
74%
Państwo Serbia
74%
Państwo Singapur
74%
Państwo Singapur
74%
Państwo Słowenia
74%
Państwo Sri Lanka
74%
Państwo Syria
74%
Państwo Szwajcaria
74%
Państwo Tadżykistan
74%
Państwo Tadżykistan
74%
Państwo Tajlandia
74%
Państwo Timor Wschodni
74%
Państwo Turcja
74%
Państwo Turkmenistan
74%
Państwo Uganda
74%
Państwo Urugwaj
74%
Państwo Uzbekistan
74%
Państwo Węgry
74%
Państwo Węgry
74%
Państwo Węgry
74%
Państwo Włochy
74%
Państwo Włochy
74%
Państwo Zimbabwe
74%
Państwo Zjednoczone Emiraty Arabskie
74%
Państwo Afganistan
73%
Państwo Afganistan
73%
Państwo Algieria
73%
Państwo Algieria
73%
Państwo Arabia Saudyjska
73%
Państwo Azerbejdżan
73%
Państwo Bahamy
73%
Państwo Czad
73%
Państwo Dominika
73%
Państwo Dominikana
73%
Państwo Egipt
73%
Państwo Ekwador
73%
Państwo Erytrea
73%
Państwo Etiopia
73%
Państwo Etiopia
73%
Państwo Fidżi
73%
Państwo Francja
73%
Państwo Gruzja
73%
Państwo Gruzja
73%
Państwo Haiti
73%
Państwo Irak
73%
Państwo Iran
73%
Państwo Iran
73%
Państwo Islandia
73%
Państwo Katar
73%
Państwo Kirgistan
73%
Państwo Kiribati
73%
Państwo Kolumbia
73%
Państwo Kuba
73%
Państwo Laos
73%
Państwo Maroko
73%
Państwo Maroko
73%
Państwo Mauretania
73%
Państwo Mauretania
73%
Państwo Mikronezja
73%
Państwo Mikronezja
73%
Państwo Niger
73%
Państwo Niger
73%
Państwo Nigeria
73%
Państwo Paragwaj
73%
Państwo Rwanda
73%
Państwo Somalia
73%
Państwo Stany Zjednoczone
73%
Państwo Sudan
73%
Państwo Sudan
73%
Państwo Sudan Południowy
73%
Państwo Syria
73%
Państwo Szwajcaria
73%
Państwo Tadżykistan
73%
Państwo Turkmenistan
73%
Państwo Tuvalu
73%
Państwo Uzbekistan
73%
Państwo Wietnam
73%
Państwo Wyspy Salomona
73%
Państwo Zjednoczone Emiraty Arabskie
73%
Państwo Afganistan
72%
Państwo Afganistan
72%
Państwo Algieria
72%
Państwo Arabia Saudyjska
72%
Państwo Austria
72%
Państwo Bangladesz
72%
Państwo Belgia
72%
Państwo Boliwia
72%
Państwo Botswana
72%
Państwo Dania
72%
Państwo Demokratyczna Republika Konga
72%
Państwo Dominikana
72%
Państwo Ekwador
72%
Państwo Etiopia
72%
Państwo Gruzja
72%
Państwo Irak
72%
Państwo Irak
72%
Państwo Iran
72%
Państwo Irlandia
72%
Państwo Izrael
72%
Państwo Izrael
72%
Państwo Japonia
72%
Państwo Jemen
72%
Państwo Jemen
72%
Państwo Jordania
72%
Państwo Kirgistan
72%
Państwo Kolumbia
72%
Państwo Kolumbia
72%
Państwo Kongo
72%
Państwo Kuba
72%
Państwo Kuwejt
72%
Państwo Lesotho
72%
Państwo Libia
72%
Państwo Luksemburg
72%
Państwo Luksemburg
72%
Państwo Madagaskar
72%
Państwo Mjanma
72%
Państwo Norwegia
72%
Państwo Pakistan
72%
Państwo Pakistan
72%
Państwo Pakistan
72%
Państwo Serbia
72%
Państwo Singapur
72%
Państwo Słowenia
72%
Państwo Sri Lanka
72%
Państwo Szwajcaria
72%
Państwo Szwajcaria
72%
Państwo Tanzania
72%
Państwo Uzbekistan
72%
Państwo Uzbekistan
72%
Państwo Watykan
72%
Państwo Węgry
72%
Państwo Wenezuela
72%
Państwo Zimbabwe
72%
Państwo Afganistan
71%
Państwo Albania
71%
Państwo Algieria
71%
Państwo Armenia
71%
Państwo Austria
71%
Państwo Benin
71%
Państwo Benin
71%
Państwo Bośnia i Hercegowina
71%
Państwo Bośnia i Hercegowina
71%
Państwo Bośnia i Hercegowina
71%
Państwo Bułgaria
71%
Państwo Burkina Faso
71%
Państwo Chile
71%
Państwo Chorwacja
71%
Państwo Cypr
71%
Państwo Czad
71%
Państwo Czad
71%
Państwo Czarnogóra
71%
Państwo Czarnogóra
71%
Państwo Demokratyczna Republika Konga
71%
Państwo Egipt
71%
Państwo Francja
71%
Państwo Francja
71%
Państwo Ghana
71%
Państwo Haiti
71%
Państwo Hiszpania
71%
Państwo Honduras
71%
Państwo Irak
71%
Państwo Iran
71%
Państwo Iran
71%
Państwo Iran
71%
Państwo Izrael
71%
Państwo Jordania
71%
Państwo Kambodża
71%
Państwo Kambodża
71%
Państwo Kanada
71%
Państwo Kenia
71%
Państwo Kolumbia
71%
Państwo Kosowo
71%
Państwo Laos
71%
Państwo Lesotho
71%
Państwo Lesotho
71%
Państwo Luksemburg
71%
Państwo Madagaskar
71%
Państwo Mali
71%
Państwo Malta
71%
Państwo Mauretania
71%
Państwo Mikronezja
71%
Państwo Mjanma
71%
Państwo Mjanma
71%
Państwo Monako
71%
Państwo Mongolia
71%
Państwo Namibia
71%
Państwo Nauru
71%
Państwo Nepal
71%
Państwo Nepal
71%
Państwo Nepal
71%
Państwo Niger
71%
Państwo Niger
71%
Państwo Nowa Zelandia
71%
Państwo Pakistan
71%
Państwo Paragwaj
71%
Państwo Republika Południowej Afryki
71%
Państwo Salwador
71%
Państwo Serbia
71%
Państwo Serbia
71%
Państwo Słowenia
71%
Państwo Somalia
71%
Państwo Sri Lanka
71%
Państwo Sri Lanka
71%
Państwo Sudan
71%
Państwo Sudan
71%
Państwo Sudan Południowy
71%
Państwo Surinam
71%
Państwo Syria
71%
Państwo Tajlandia
71%
Państwo Tajlandia
71%
Państwo Tajwan
71%
Państwo Togo
71%
Państwo Turcja
71%
Państwo Turcja
71%
Państwo Turcja
71%
Państwo Ukraina
71%
Państwo Urugwaj
71%
Państwo Urugwaj
71%
Państwo Uzbekistan
71%
Państwo Węgry
71%
Państwo Wietnam
71%
Państwo Włochy
71%
Państwo Afganistan
70%
Państwo Albania
70%
Państwo Algieria
70%
Państwo Algieria
70%
Państwo Arabia Saudyjska
70%
Państwo Armenia
70%
Państwo Austria
70%
Państwo Azerbejdżan
70%
Państwo Bangladesz
70%
Państwo Belize
70%
Państwo Bośnia i Hercegowina
70%
Państwo Bośnia i Hercegowina
70%
Państwo Bośnia i Hercegowina
70%
Państwo Brunei
70%
Państwo Bułgaria
70%
Państwo Chorwacja
70%
Państwo Chorwacja
70%
Państwo Chorwacja
70%
Państwo Czarnogóra
70%
Państwo Demokratyczna Republika Konga
70%
Państwo Francja
70%
Państwo Gabon
70%
Państwo Grecja
70%
Państwo Gruzja
70%
Państwo Irak
70%
Państwo Iran
70%
Państwo Irlandia
70%
Państwo Islandia
70%
Państwo Jamajka
70%
Państwo Jemen
70%
Państwo Kamerun
70%
Państwo Katar
70%
Państwo Kazachstan
70%
Państwo Kenia
70%
Państwo Kirgistan
70%
Państwo Kongo
70%
Państwo Korea Północna
70%
Państwo Korea Południowa
70%
Państwo Kosowo
70%
Państwo Lesotho
70%
Państwo Liban
70%
Państwo Libia
70%
Państwo Maroko
70%
Państwo Mjanma
70%
Państwo Mjanma
70%
Państwo Mongolia
70%
Państwo Nepal
70%
Państwo Niger
70%
Państwo Nigeria
70%
Państwo Oman
70%
Państwo Republika Środkowoafrykańska
70%
Państwo Rumunia
70%
Państwo Rumunia
70%
Państwo Salwador
70%
Państwo Serbia
70%
Państwo Serbia
70%
Państwo Słowenia
70%
Państwo Somalia
70%
Państwo Sudan
70%
Państwo Szwajcaria
70%
Państwo Tanzania
70%
Państwo Timor Wschodni
70%
Państwo Tunezja
70%
Państwo Uganda
70%
Państwo Ukraina
70%
Państwo Węgry
70%
Państwo Węgry
70%
Państwo Zjednoczone Emiraty Arabskie
70%
Państwo Afganistan
69%
Państwo Angola
69%
Państwo Arabia Saudyjska
69%
Państwo Arabia Saudyjska
69%
Państwo Arabia Saudyjska
69%
Państwo Argentyna
69%
Państwo Armenia
69%
Państwo Azerbejdżan
69%
Państwo Benin
69%
Państwo Botswana
69%
Państwo Brazylia
69%
Państwo Chiny
69%
Państwo Chiny
69%
Państwo Czad
69%
Państwo Demokratyczna Republika Konga
69%
Państwo Eswatini
69%
Państwo Filipiny
69%
Państwo Hiszpania
69%
Państwo Indie
69%
Państwo Indie
69%
Państwo Indonezja
69%
Państwo Irak
69%
Państwo Iran
69%
Państwo Irlandia
69%
Państwo Izrael
69%
Państwo Japonia
69%
Państwo Jordania
69%
Państwo Kuwejt
69%
Państwo Liban
69%
Państwo Malezja
69%
Państwo Monako
69%
Państwo Mozambik
69%
Państwo Namibia
69%
Państwo Niger
69%
Państwo Oman
69%
Państwo Pakistan
69%
Państwo Panama
69%
Państwo Republika Południowej Afryki
69%
Państwo San Marino
69%
Państwo Słowenia
69%
Państwo Tanzania
69%
Państwo Togo
69%
Państwo Turcja
69%
Państwo Turcja
69%
Państwo Turcja
69%
Państwo Turcja
69%
Państwo Turkmenistan
69%
Państwo Urugwaj
69%
Państwo Watykan
69%
Państwo Węgry
69%
Państwo Włochy
69%
Państwo Wybrzeże Kości Słoniowej
69%
Państwo Zambia
69%
Państwo Zimbabwe
69%
Państwo Zjednoczone Emiraty Arabskie
69%
Państwo Afganistan
68%
Państwo Albania
68%
Państwo Austria
68%
Państwo Bangladesz
68%
Państwo Botswana
68%
Państwo Chorwacja
68%
Państwo Czad
68%
Państwo Czarnogóra
68%
Państwo Demokratyczna Republika Konga
68%
Państwo Ekwador
68%
Państwo Etiopia
68%
Państwo Filipiny
68%
Państwo Gwatemala
68%
Państwo Hiszpania
68%
Państwo Honduras
68%
Państwo Indonezja
68%
Państwo Irak
68%
Państwo Irlandia
68%
Państwo Kenia
68%
Państwo Kenia
68%
Państwo Korea Południowa
68%
Państwo Kuwejt
68%
Państwo Liban
68%
Państwo Madagaskar
68%
Państwo Mali
68%
Państwo Malta
68%
Państwo Mjanma
68%
Państwo Mjanma
68%
Państwo Nepal
68%
Państwo Niemcy
68%
Państwo Republika Środkowoafrykańska
68%
Państwo Rumunia
68%
Państwo Rwanda
68%
Państwo Sudan Południowy
68%
Państwo Szwajcaria
68%
Państwo Turcja
68%
Państwo Turcja
68%
Państwo Turkmenistan
68%
Państwo Tuvalu
68%
Państwo Włochy
68%
Państwo Afganistan
67%
Państwo Algieria
67%
Państwo Angola
67%
Państwo Angola
67%
Państwo Azerbejdżan
67%
Państwo Bahamy
67%
Państwo Belize
67%
Państwo Bhutan
67%
Państwo Bhutan
67%
Państwo Bhutan
67%
Państwo Bośnia i Hercegowina
67%
Państwo Burkina Faso
67%
Państwo Chorwacja
67%
Państwo Cypr
67%
Państwo Demokratyczna Republika Konga
67%
Państwo Dominika
67%
Państwo Egipt
67%
Państwo Ekwador
67%
Państwo Fidżi
67%
Państwo Filipiny
67%
Państwo Filipiny
67%
Państwo Francja
67%
Państwo Francja
67%
Państwo Francja
67%
Państwo Gabon
67%
Państwo Gambia
67%
Państwo Gambia
67%
Państwo Grecja
67%
Państwo Gujana
67%
Państwo Gujana
67%
Państwo Gujana
67%
Państwo Gwinea
67%
Państwo Gwinea Bissau
67%
Państwo Gwinea Równikowa
67%
Państwo Haiti
67%
Państwo Indie
67%
Państwo Indonezja
67%
Państwo Iran
67%
Państwo Irlandia
67%
Państwo Irlandia
67%
Państwo Izrael
67%
Państwo Izrael
67%
Państwo Jamajka
67%
Państwo Jordania
67%
Państwo Kambodża
67%
Państwo Kambodża
67%
Państwo Kambodża
67%
Państwo Kamerun
67%
Państwo Katar
67%
Państwo Kazachstan
67%
Państwo Kenia
67%
Państwo Kenia
67%
Państwo Kirgistan
67%
Państwo Kiribati
67%
Państwo Kolumbia
67%
Państwo Korea Południowa
67%
Państwo Korea Południowa
67%
Państwo Kostaryka
67%
Państwo Laos
67%
Państwo Laos
67%
Państwo Liban
67%
Państwo Liban
67%
Państwo Liberia
67%
Państwo Luksemburg
67%
Państwo Madagaskar
67%
Państwo Malawi
67%
Państwo Malawi
67%
Państwo Maroko
67%
Państwo Mauretania
67%
Państwo Mikronezja
67%
Państwo Mjanma
67%
Państwo Monako
67%
Państwo Namibia
67%
Państwo Nauru
67%
Państwo Nepal
67%
Państwo Nikaragua
67%
Państwo Nikaragua
67%
Państwo Oman
67%
Państwo Oman
67%
Państwo Pakistan
67%
Państwo Panama
67%
Państwo Panama
67%
Państwo Panama
67%
Państwo Papua-Nowa Gwinea
67%
Państwo Peru
67%
Państwo Rumunia
67%
Państwo Rwanda
67%
Państwo Rwanda
67%
Państwo Rwanda
67%
Państwo Samoa
67%
Państwo Serbia
67%
Państwo Słowacja
67%
Państwo Słowacja
67%
Państwo Somalia
67%
Państwo Sudan
67%
Państwo Sudan
67%
Państwo Sudan Południowy
67%
Państwo Sudan Południowy
67%
Państwo Tadżykistan
67%
Państwo Turcja
67%
Państwo Turcja
67%
Państwo Turcja
67%
Państwo Ukraina
67%
Państwo Uzbekistan
67%
Państwo Uzbekistan
67%
Państwo Wenezuela
67%
Państwo Wielka Brytania
67%
Państwo Wietnam
67%
Państwo Wybrzeże Kości Słoniowej
67%
Państwo Wyspy Salomona
67%
Państwo Zambia
67%
Państwo Kirgistan
66%
Państwo Pakistan
66%
Państwo Rumunia
66%
Państwo San Marino
66%
Państwo Albania
65%
Państwo Algieria
65%
Państwo Angola
65%
Państwo Arabia Saudyjska
65%
Państwo Arabia Saudyjska
65%
Państwo Armenia
65%
Państwo Armenia
65%
Państwo Australia
65%
Państwo Austria
65%
Państwo Azerbejdżan
65%
Państwo Bahamy
65%
Państwo Belize
65%
Państwo Boliwia
65%
Państwo Bośnia i Hercegowina
65%
Państwo Bośnia i Hercegowina
65%
Państwo Bośnia i Hercegowina
65%
Państwo Czechy
65%
Państwo Czechy
65%
Państwo Demokratyczna Republika Konga
65%
Państwo Demokratyczna Republika Konga
65%
Państwo Erytrea
65%
Państwo Eswatini
65%
Państwo Eswatini
65%
Państwo Etiopia
65%
Państwo Filipiny
65%
Państwo Filipiny
65%
Państwo Francja
65%
Państwo Gwatemala
65%
Państwo Irlandia
65%
Państwo Jemen
65%
Państwo Jordania
65%
Państwo Jordania
65%
Państwo Kambodża
65%
Państwo Kambodża
65%
Państwo Kenia
65%
Państwo Kolumbia
65%
Państwo Kolumbia
65%
Państwo Kongo
65%
Państwo Kongo
65%
Państwo Korea Północna
65%
Państwo Korea Południowa
65%
Państwo Kosowo
65%
Państwo Kostaryka
65%
Państwo Lesotho
65%
Państwo Malawi
65%
Państwo Malta
65%
Państwo Namibia
65%
Państwo Niger
65%
Państwo Panama
65%
Państwo Republika Środkowoafrykańska
65%
Państwo Senegal
65%
Państwo Serbia
65%
Państwo Słowacja
65%
Państwo Słowacja
65%
Państwo Somalia
65%
Państwo Sudan
65%
Państwo Sudan
65%
Państwo Sudan
65%
Państwo Sudan
65%
Państwo Sudan
65%
Państwo Sudan Południowy
65%
Państwo Surinam
65%
Państwo Tanzania
65%
Państwo Tunezja
65%
Państwo Turcja
65%
Państwo Uganda
65%
Państwo Uzbekistan
65%
Państwo Wenezuela
65%
Państwo Wielka Brytania
65%
Państwo Włochy
65%
Państwo Wybrzeże Kości Słoniowej
65%
Państwo Albania
64%
Państwo Arabia Saudyjska
64%
Państwo Arabia Saudyjska
64%
Państwo Bahrajn
64%
Państwo Bahrajn
64%
Państwo Bhutan
64%
Państwo Bhutan
64%
Państwo Bośnia i Hercegowina
64%
Państwo Cypr
64%
Państwo Czad
64%
Państwo Demokratyczna Republika Konga
64%
Państwo Filipiny
64%
Państwo Filipiny
64%
Państwo Francja
64%
Państwo Gambia
64%
Państwo Gwinea
64%
Państwo Irak
64%
Państwo Irlandia
64%
Państwo Kambodża
64%
Państwo Korea Północna
64%
Państwo Kuwejt
64%
Państwo Libia
64%
Państwo Madagaskar
64%
Państwo Mali
64%
Państwo Mali
64%
Państwo Nigeria
64%
Państwo Nigeria
64%
Państwo Nigeria
64%
Państwo Norwegia
64%
Państwo Oman
64%
Państwo Oman
64%
Państwo Palau
64%
Państwo Panama
64%
Państwo Rwanda
64%
Państwo Samoa
64%
Państwo Sierra Leone
64%
Państwo Syria
64%
Państwo Tanzania
64%
Państwo Tonga
64%
Państwo Tunezja
64%
Państwo Uganda
64%
Państwo Uganda
64%
Państwo Vanuatu
64%
Państwo Wenezuela
64%
Państwo Wielka Brytania
64%
Państwo Włochy
64%
Państwo Zambia
64%
Państwo Afganistan
63%
Państwo Argentyna
63%
Państwo Armenia
63%
Państwo Austria
63%
Państwo Azerbejdżan
63%
Państwo Bhutan
63%
Państwo Bośnia i Hercegowina
63%
Państwo Bośnia i Hercegowina
63%
Państwo Bułgaria
63%
Państwo Burundi
63%
Państwo Burundi
63%
Państwo Chile
63%
Państwo Chile
63%
Państwo Chile
63%
Państwo Chorwacja
63%
Państwo Cypr
63%
Państwo Czad
63%
Państwo Demokratyczna Republika Konga
63%
Państwo Demokratyczna Republika Konga
63%
Państwo Erytrea
63%
Państwo Eswatini
63%
Państwo Etiopia
63%
Państwo Etiopia
63%
Państwo Etiopia
63%
Państwo Filipiny
63%
Państwo Francja
63%
Państwo Francja
63%
Państwo Francja
63%
Państwo Gabon
63%
Państwo Grecja
63%
Państwo Hiszpania
63%
Państwo Jemen
63%
Państwo Jordania
63%
Państwo Kambodża
63%
Państwo Kamerun
63%
Państwo Kenia
63%
Państwo Kirgistan
63%
Państwo Kirgistan
63%
Państwo Kolumbia
63%
Państwo Komory
63%
Państwo Kongo
63%
Państwo Kosowo
63%
Państwo Laos
63%
Państwo Laos
63%
Państwo Lesotho
63%
Państwo Libia
63%
Państwo Macedonia Północna
63%
Państwo Malawi
63%
Państwo Malezja
63%
Państwo Malezja
63%
Państwo Malezja
63%
Państwo Mjanma
63%
Państwo Mjanma
63%
Państwo Namibia
63%
Państwo Niger
63%
Państwo Oman
63%
Państwo Palau
63%
Państwo Panama
63%
Państwo Peru
63%
Państwo Singapur
63%
Państwo Singapur
63%
Państwo Słowenia
63%
Państwo Słowenia
63%
Państwo Sudan
63%
Państwo Syria
63%
Państwo Syria
63%
Państwo Szwajcaria
63%
Państwo Tajlandia
63%
Państwo Tanzania
63%
Państwo Turkmenistan
63%
Państwo Uganda
63%
Państwo Urugwaj
63%
Państwo Wenezuela
63%
Państwo Włochy
63%
Państwo Arabia Saudyjska
62%
Państwo Australia
62%
Państwo Austria
62%
Państwo Bahrajn
62%
Państwo Czad
62%
Państwo Ekwador
62%
Państwo Francja
62%
Państwo Ghana
62%
Państwo Gujana
62%
Państwo Indonezja
62%
Państwo Irak
62%
Państwo Izrael
62%
Państwo Jemen
62%
Państwo Kambodża
62%
Państwo Nikaragua
62%
Państwo Oman
62%
Państwo Panama
62%
Państwo Peru
62%
Państwo Salwador
62%
Państwo Senegal
62%
Państwo Sudan
62%
Państwo Syria
62%
Państwo Turcja
62%
Państwo Ukraina
62%
Państwo Wyspy Marshalla
62%
Państwo Azerbejdżan
61%
Państwo Bahrajn
61%
Państwo Belize
61%
Państwo Bhutan
61%
Państwo Burundi
61%
Państwo Cypr
61%
Państwo Czad
61%
Państwo Dominikana
61%
Państwo Gruzja
61%
Państwo Iran
61%
Państwo Iran
61%
Państwo Kazachstan
61%
Państwo Komory
61%
Państwo Lesotho
61%
Państwo Liban
61%
Państwo Mozambik
61%
Państwo Mozambik
61%
Państwo Niger
61%
Państwo Nikaragua
61%
Państwo Paragwaj
61%
Państwo Republika Południowej Afryki
61%
Państwo Rwanda
61%
Państwo Salwador
61%
Państwo Sierra Leone
61%
Państwo Słowenia
61%
Państwo Surinam
61%
Państwo Syria
61%
Państwo Tanzania
61%
Państwo Zambia
61%
Państwo Albania
60%
Państwo Andora
60%
Państwo Belize
60%
Państwo Bułgaria
60%
Państwo Czad
60%
Państwo Czad
60%
Państwo Etiopia
60%
Państwo Etiopia
60%
Państwo Haiti
60%
Państwo Jamajka
60%
Państwo Kamerun
60%
Państwo Kenia
60%
Państwo Kiribati
60%
Państwo Kolumbia
60%
Państwo Kolumbia
60%
Państwo Korea Północna
60%
Państwo Macedonia Północna
60%
Państwo Mali
60%
Państwo Mauretania
60%
Państwo Mauretania
60%
Państwo Mauretania
60%
Państwo Monako
60%
Państwo Monako
60%
Państwo Niger
60%
Państwo Nigeria
60%
Państwo Oman
60%
Państwo Panama
60%
Państwo Rumunia
60%
Państwo Rumunia
60%
Państwo Saint Kitts i Nevis
60%
Państwo San Marino
60%
Państwo Sudan
60%
Państwo Surinam
60%
Państwo Tanzania
60%
Państwo Tanzania
60%
Państwo Vanuatu
60%
Państwo Watykan
60%
Państwo Węgry
60%
Państwo Wenezuela
60%
Państwo Wenezuela
60%
Państwo Wyspy Marshalla
60%
Państwo Algieria
59%
Państwo Angola
59%
Państwo Arabia Saudyjska
59%
Państwo Armenia
59%
Państwo Bahamy
59%
Państwo Bośnia i Hercegowina
59%
Państwo Botswana
59%
Państwo Ekwador
59%
Państwo Etiopia
59%
Państwo Gruzja
59%
Państwo Gwatemala
59%
Państwo Gwinea Równikowa
59%
Państwo Hiszpania
59%
Państwo Jemen
59%
Państwo Jordania
59%
Państwo Kenia
59%
Państwo Kiribati
59%
Państwo Kostaryka
59%
Państwo Mauretania
59%
Państwo Mozambik
59%
Państwo Mozambik
59%
Państwo Namibia
59%
Państwo Namibia
59%
Państwo Nauru
59%
Państwo Nepal
59%
Państwo Niger
59%
Państwo Nikaragua
59%
Państwo Nowa Zelandia
59%
Państwo Nowa Zelandia
59%
Państwo Oman
59%
Państwo Pakistan
59%
Państwo Paragwaj
59%
Państwo Samoa
59%
Państwo Sudan
59%
Państwo Syria
59%
Państwo Syria
59%
Państwo Tanzania
59%
Państwo Tanzania
59%
Państwo Togo
59%
Państwo Tunezja
59%
Państwo Turcja
59%
Państwo Turkmenistan
59%
Państwo Uganda
59%
Państwo Wenezuela
59%
Państwo Wyspy Salomona
59%
Państwo Zambia
59%
Państwo Zimbabwe
59%
Państwo Afganistan
58%
Państwo Albania
58%
Państwo Arabia Saudyjska
58%
Państwo Bahrajn
58%
Państwo Bangladesz
58%
Państwo Bangladesz
58%
Państwo Bhutan
58%
Państwo Burundi
58%
Państwo Burundi
58%
Państwo Etiopia
58%
Państwo Gwinea
58%
Państwo Gwinea Bissau
58%
Państwo Hiszpania
58%
Państwo Honduras
58%
Państwo Indonezja
58%
Państwo Irak
58%
Państwo Iran
58%
Państwo Irlandia
58%
Państwo Jemen
58%
Państwo Jordania
58%
Państwo Kazachstan
58%
Państwo Kongo
58%
Państwo Kuba
58%
Państwo Madagaskar
58%
Państwo Malawi
58%
Państwo Malediwy
58%
Państwo Mali
58%
Państwo Malta
58%
Państwo Malta
58%
Państwo Mauretania
58%
Państwo Mikronezja
58%
Państwo Mikronezja
58%
Państwo Oman
58%
Państwo Palau
58%
Państwo Paragwaj
58%
Państwo Republika Środkowoafrykańska
58%
Państwo Republika Zielonego Przylądka
58%
Państwo Rwanda
58%
Państwo Sierra Leone
58%
Państwo Somalia
58%
Państwo Syria
58%
Państwo Tanzania
58%
Państwo Tonga
58%
Państwo Tuvalu
58%
Państwo Wietnam
58%
Państwo Wybrzeże Kości Słoniowej
58%
Państwo Arabia Saudyjska
57%
Państwo Bahamy
57%
Państwo Bangladesz
57%
Państwo Bhutan
57%
Państwo Chorwacja
57%
Państwo Demokratyczna Republika Konga
57%
Państwo Fidżi
57%
Państwo Filipiny
57%
Państwo Ghana
57%
Państwo Gwatemala
57%
Państwo Haiti
57%
Państwo Iran
57%
Państwo Jordania
57%
Państwo Kostaryka
57%
Państwo Kuwejt
57%
Państwo Liban
57%
Państwo Madagaskar
57%
Państwo Mali
57%
Państwo Meksyk
57%
Państwo Mjanma
57%
Państwo Mjanma
57%
Państwo Nepal
57%
Państwo Republika Środkowoafrykańska
57%
Państwo Rumunia
57%
Państwo Senegal
57%
Państwo Seszele
57%
Państwo Sudan
57%
Państwo Sudan Południowy
57%
Państwo Tanzania
57%
Państwo Turcja
57%
Państwo Uganda
57%
Państwo Andora
56%
Państwo Austria
56%
Państwo Bangladesz
56%
Państwo Boliwia
56%
Państwo Bułgaria
56%
Państwo Burundi
56%
Państwo Chorwacja
56%
Państwo Cypr
56%
Państwo Czad
56%
Państwo Czarnogóra
56%
Państwo Ekwador
56%
Państwo Etiopia
56%
Państwo Filipiny
56%
Państwo Grecja
56%
Państwo Gujana
56%
Państwo Hiszpania
56%
Państwo Iran
56%
Państwo Jemen
56%
Państwo Jordania
56%
Państwo Katar
56%
Państwo Kolumbia
56%
Państwo Kolumbia
56%
Państwo Komory
56%
Państwo Kosowo
56%
Państwo Macedonia Północna
56%
Państwo Malawi
56%
Państwo Mauretania
56%
Państwo Mauretania
56%
Państwo Mjanma
56%
Państwo Monako
56%
Państwo Nigeria
56%
Państwo Oman
56%
Państwo Panama
56%
Państwo Panama
56%
Państwo Republika Środkowoafrykańska
56%
Państwo Republika Zielonego Przylądka
56%
Państwo San Marino
56%
Państwo Senegal
56%
Państwo Seszele
56%
Państwo Słowenia
56%
Państwo Stany Zjednoczone
56%
Państwo Sudan
56%
Państwo Sudan
56%
Państwo Sudan Południowy
56%
Państwo Syria
56%
Państwo Tanzania
56%
Państwo Tunezja
56%
Państwo Tuvalu
56%
Państwo Uganda
56%
Państwo Ukraina
56%
Państwo Węgry
56%
Państwo Wenezuela
56%
Państwo Włochy
56%
Państwo Zimbabwe
56%
Państwo Zjednoczone Emiraty Arabskie
56%
Państwo Zjednoczone Emiraty Arabskie
56%
Państwo Angola
55%
Państwo Burkina Faso
55%
Państwo Burundi
55%
Państwo Burundi
55%
Państwo Burundi
55%
Państwo Czad
55%
Państwo Czarnogóra
55%
Państwo Demokratyczna Republika Konga
55%
Państwo Dżibuti
55%
Państwo Filipiny
55%
Państwo Filipiny
55%
Państwo Grecja
55%
Państwo Gwinea
55%
Państwo Gwinea Bissau
55%
Państwo Hiszpania
55%
Państwo Indonezja
55%
Państwo Kamerun
55%
Państwo Kamerun
55%
Państwo Laos
55%
Państwo Liberia
55%
Państwo Madagaskar
55%
Państwo Mauretania
55%
Państwo Mauretania
55%
Państwo Mongolia
55%
Państwo Mozambik
55%
Państwo Niger
55%
Państwo Nigeria
55%
Państwo Republika Środkowoafrykańska
55%
Państwo Somalia
55%
Państwo Sudan Południowy
55%
Państwo Sudan Południowy
55%
Państwo Tajwan
55%
Państwo Tanzania
55%
Państwo Tanzania
55%
Państwo Timor Wschodni
55%
Państwo Tuvalu
55%
Państwo Uganda
55%
Państwo Ukraina
55%
Państwo Ukraina
55%
Państwo Vanuatu
55%
Państwo Wyspy Marshalla
55%
Państwo Afganistan
54%
Państwo Angola
54%
Państwo Bangladesz
54%
Państwo Benin
54%
Państwo Etiopia
54%
Państwo Etiopia
54%
Państwo Filipiny
54%
Państwo Francja
54%
Państwo Ghana
54%
Państwo Gwinea
54%
Państwo Gwinea Równikowa
54%
Państwo Jemen
54%
Państwo Jordania
54%
Państwo Kambodża
54%
Państwo Kambodża
54%
Państwo Kiribati
54%
Państwo Kuwejt
54%
Państwo Liberia
54%
Państwo Libia
54%
Państwo Meksyk
54%
Państwo Mikronezja
54%
Państwo Niger
54%
Państwo Rwanda
54%
Państwo Singapur
54%
Państwo Sri Lanka
54%
Państwo Sudan
54%
Państwo Tajlandia
54%
Państwo Wybrzeże Kości Słoniowej
54%
Państwo Wyspy Salomona
54%
Państwo Zjednoczone Emiraty Arabskie
54%
Państwo Angola
53%
Państwo Antigua i Barbuda
53%
Państwo Botswana
53%
Państwo Brunei
53%
Państwo Cypr
53%
Państwo Czad
53%
Państwo Czarnogóra
53%
Państwo Dżibuti
53%
Państwo Etiopia
53%
Państwo Etiopia
53%
Państwo Etiopia
53%
Państwo Francja
53%
Państwo Gwinea Równikowa
53%
Państwo Honduras
53%
Państwo Irak
53%
Państwo Kamerun
53%
Państwo Katar
53%
Państwo Kolumbia
53%
Państwo Kostaryka
53%
Państwo Libia
53%
Państwo Libia
53%
Państwo Madagaskar
53%
Państwo Mali
53%
Państwo Niger
53%
Państwo Nigeria
53%
Państwo Pakistan
53%
Państwo Republika Środkowoafrykańska
53%
Państwo Seszele
53%
Państwo Somalia
53%
Państwo Sudan Południowy
53%
Państwo Surinam
53%
Państwo Syria
53%
Państwo Szwajcaria
53%
Państwo Tanzania
53%
Państwo Tonga
53%
Państwo Turkmenistan
53%
Państwo Tuvalu
53%
Państwo Ukraina
53%
Państwo Algieria
52%
Państwo Brunei
52%
Państwo Etiopia
52%
Państwo Filipiny
52%
Państwo Gruzja
52%
Państwo Jemen
52%
Państwo Kazachstan
52%
Państwo Kostaryka
52%
Państwo Malediwy
52%
Państwo Nauru
52%
Państwo Pakistan
52%
Państwo Salwador
52%
Państwo Sri Lanka
52%
Państwo Syria
52%
Państwo Tunezja
52%
Państwo Watykan
52%
Państwo Wenezuela
52%
Państwo Wietnam
52%
Państwo Bośnia i Hercegowina
51%
Państwo Czarnogóra
51%
Państwo Indie
51%
Państwo Szwajcaria
51%
Państwo Albania
50%
Państwo Algieria
50%
Państwo Algieria
50%
Państwo Algieria
50%
Państwo Angola
50%
Państwo Angola
50%
Państwo Antigua i Barbuda
50%
Państwo Antigua i Barbuda
50%
Państwo Bahrajn
50%
Państwo Bośnia i Hercegowina
50%
Państwo Botswana
50%
Państwo Botswana
50%
Państwo Brunei
50%
Państwo Brunei
50%
Państwo Bułgaria
50%
Państwo Bułgaria
50%
Państwo Burkina Faso
50%
Państwo Burkina Faso
50%
Państwo Burundi
50%
Państwo Chorwacja
50%
Państwo Cypr
50%
Państwo Czad
50%
Państwo Czad
50%
Państwo Czad
50%
Państwo Dominika
50%
Państwo Dominika
50%
Państwo Dominika
50%
Państwo Dominikana
50%
Państwo Dominikana
50%
Państwo Erytrea
50%
Państwo Eswatini
50%
Państwo Etiopia
50%
Państwo Etiopia
50%
Państwo Filipiny
50%
Państwo Francja
50%
Państwo Francja
50%
Państwo Francja
50%
Państwo Gabon
50%
Państwo Ghana
50%
Państwo Ghana
50%
Państwo Ghana
50%
Państwo Grenada
50%
Państwo Grenada
50%
Państwo Gujana
50%
Państwo Gwinea
50%
Państwo Gwinea
50%
Państwo Gwinea Bissau
50%
Państwo Gwinea Równikowa
50%
Państwo Haiti
50%
Państwo Haiti
50%
Państwo Hiszpania
50%
Państwo Indie
50%
Państwo Indonezja
50%
Państwo Irak
50%
Państwo Islandia
50%
Państwo Jamajka
50%
Państwo Jordania
50%
Państwo Kamerun
50%
Państwo Katar
50%
Państwo Katar
50%
Państwo Kenia
50%
Państwo Kolumbia
50%
Państwo Kolumbia
50%
Państwo Kongo
50%
Państwo Kongo
50%
Państwo Kostaryka
50%
Państwo Kuba
50%
Państwo Kuba
50%
Państwo Kuba
50%
Państwo Kuwejt
50%
Państwo Lesotho
50%
Państwo Liberia
50%
Państwo Macedonia Północna
50%
Państwo Madagaskar
50%
Państwo Mali
50%
Państwo Mali
50%
Państwo Mali
50%
Państwo Maroko
50%
Państwo Mauretania
50%
Państwo Mauretania
50%
Państwo Mjanma
50%
Państwo Mjanma
50%
Państwo Mozambik
50%
Państwo Mozambik
50%
Państwo Nauru
50%
Państwo Nauru
50%
Państwo Nigeria
50%
Państwo Nigeria
50%
Państwo Nigeria
50%
Państwo Nigeria
50%
Państwo Oman
50%
Państwo Pakistan
50%
Państwo Papua-Nowa Gwinea
50%
Państwo Republika Środkowoafrykańska
50%
Państwo Rumunia
50%
Państwo Rwanda
50%
Państwo Rwanda
50%
Państwo Saint Vincent i Grenadyny
50%
Państwo Samoa
50%
Państwo Samoa
50%
Państwo San Marino
50%
Państwo San Marino
50%
Państwo Senegal
50%
Państwo Serbia
50%
Państwo Singapur
50%
Państwo Słowenia
50%
Państwo Słowenia
50%
Państwo Somalia
50%
Państwo Sudan
50%
Państwo Sudan
50%
Państwo Sudan Południowy
50%
Państwo Sudan Południowy
50%
Państwo Sudan Południowy
50%
Państwo Sudan Południowy
50%
Państwo Sudan Południowy
50%
Państwo Sudan Południowy
50%
Państwo Sudan Południowy
50%
Państwo Surinam
50%
Państwo Tanzania
50%
Państwo Tanzania
50%
Państwo Togo
50%
Państwo Togo
50%
Państwo Togo
50%
Państwo Togo
50%
Państwo Trynidad i Tobago
50%
Państwo Turkmenistan
50%
Państwo Uganda
50%
Państwo Uganda
50%
Państwo Uganda
50%
Państwo Uganda
50%
Państwo Uganda
50%
Państwo Ukraina
50%
Państwo Uzbekistan
50%
Państwo Węgry
50%
Państwo Wybrzeże Kości Słoniowej
50%
Państwo Wyspy Marshalla
50%
Państwo Wyspy Salomona
50%
Państwo Zambia
50%
Państwo Zambia
50%
Państwo Australia
49%
Państwo San Marino
49%
Państwo Wietnam
49%
Państwo Arabia Saudyjska
48%
Państwo Azerbejdżan
48%
Państwo Bahamy
48%
Państwo Bahamy
48%
Państwo Bangladesz
48%
Państwo Brunei
48%
Państwo Egipt
48%
Państwo Fidżi
48%
Państwo Filipiny
48%
Państwo Francja
48%
Państwo Hiszpania
48%
Państwo Honduras
48%
Państwo Irak
48%
Państwo Kiribati
48%
Państwo Kolumbia
48%
Państwo Monako
48%
Państwo Nikaragua
48%
Państwo Norwegia
48%
Państwo Panama
48%
Państwo Rwanda
48%
Państwo Salwador
48%
Państwo Senegal
48%
Państwo Syria
48%
Państwo Ukraina
48%
Państwo Wenezuela
48%
Państwo Wyspy Salomona
48%
Państwo Angola
47%
Państwo Arabia Saudyjska
47%
Państwo Austria
47%
Państwo Bahrajn
47%
Państwo Burundi
47%
Państwo Cypr
47%
Państwo Erytrea
47%
Państwo Erytrea
47%
Państwo Etiopia
47%
Państwo Francja
47%
Państwo Francja
47%
Państwo Gabon
47%
Państwo Grecja
47%
Państwo Honduras
47%
Państwo Indonezja
47%
Państwo Katar
47%
Państwo Kenia
47%
Państwo Kenia
47%
Państwo Malawi
47%
Państwo Malediwy
47%
Państwo Mauretania
47%
Państwo Meksyk
47%
Państwo Nigeria
47%
Państwo Nikaragua
47%
Państwo Nowa Zelandia
47%
Państwo Republika Środkowoafrykańska
47%
Państwo San Marino
47%
Państwo Słowenia
47%
Państwo Sudan
47%
Państwo Sudan
47%
Państwo Uzbekistan
47%
Państwo Bahrajn
46%
Państwo Bangladesz
46%
Państwo Burkina Faso
46%
Państwo Burkina Faso
46%
Państwo Dominikana
46%
Państwo Erytrea
46%
Państwo Fidżi
46%
Państwo Francja
46%
Państwo Gabon
46%
Państwo Gambia
46%
Państwo Indie
46%
Państwo Korea Północna
46%
Państwo Korea Północna
46%
Państwo Korea Południowa
46%
Państwo Korea Południowa
46%
Państwo Kuwejt
46%
Państwo Laos
46%
Państwo Macedonia Północna
46%
Państwo Malediwy
46%
Państwo Malezja
46%
Państwo Mongolia
46%
Państwo Namibia
46%
Państwo Serbia
46%
Państwo Sierra Leone
46%
Państwo Somalia
46%
Państwo Sudan
46%
Państwo Tuvalu
46%
Państwo Wietnam
46%
Państwo Wyspy Marshalla
46%
Państwo Zimbabwe
46%
Państwo Angola
45%
Państwo Bahrajn
45%
Państwo Benin
45%
Państwo Bośnia i Hercegowina
45%
Państwo Burkina Faso
45%
Państwo Burkina Faso
45%
Państwo Burkina Faso
45%
Państwo Chorwacja
45%
Państwo Chorwacja
45%
Państwo Fidżi
45%
Państwo Francja
45%
Państwo Ghana
45%
Państwo Ghana
45%
Państwo Gwinea Bissau
45%
Państwo Hiszpania
45%
Państwo Hiszpania
45%
Państwo Hiszpania
45%
Państwo Hiszpania
45%
Państwo Jamajka
45%
Państwo Jemen
45%
Państwo Kamerun
45%
Państwo Kenia
45%
Państwo Komory
45%
Państwo Kosowo
45%
Państwo Kosowo
45%
Państwo Kuwejt
45%
Państwo Liberia
45%
Państwo Malawi
45%
Państwo Malawi
45%
Państwo Mjanma
45%
Państwo Mozambik
45%
Państwo Nigeria
45%
Państwo Papua-Nowa Gwinea
45%
Państwo Republika Środkowoafrykańska
45%
Państwo Rwanda
45%
Państwo Rwanda
45%
Państwo Samoa
45%
Państwo San Marino
45%
Państwo Seszele
45%
Państwo Sierra Leone
45%
Państwo Togo
45%
Państwo Vanuatu
45%
Państwo Wybrzeże Kości Słoniowej
45%
Państwo Wybrzeże Kości Słoniowej
45%
Państwo Wybrzeże Kości Słoniowej
45%
Państwo Albania
44%
Państwo Angola
44%
Państwo Antigua i Barbuda
44%
Państwo Arabia Saudyjska
44%
Państwo Bahamy
44%
Państwo Bahamy
44%
Państwo Bahrajn
44%
Państwo Bośnia i Hercegowina
44%
Państwo Chorwacja
44%
Państwo Dominika
44%
Państwo Dominika
44%
Państwo Dominikana
44%
Państwo Dominikana
44%
Państwo Erytrea
44%
Państwo Francja
44%
Państwo Grenada
44%
Państwo Honduras
44%
Państwo Jemen
44%
Państwo Kambodża
44%
Państwo Kenia
44%
Państwo Kiribati
44%
Państwo Kostaryka
44%
Państwo Kostaryka
44%
Państwo Kostaryka
44%
Państwo Kuwejt
44%
Państwo Madagaskar
44%
Państwo Madagaskar
44%
Państwo Malawi
44%
Państwo Malediwy
44%
Państwo Mali
44%
Państwo Mikronezja
44%
Państwo Mikronezja
44%
Państwo Monako
44%
Państwo Mozambik
44%
Państwo Namibia
44%
Państwo Nauru
44%
Państwo Nikaragua
44%
Państwo Oman
44%
Państwo Panama
44%
Państwo Panama
44%
Państwo Papua-Nowa Gwinea
44%
Państwo Paragwaj
44%
Państwo Portugalia
44%
Państwo Republika Środkowoafrykańska
44%
Państwo Saint Kitts i Nevis
44%
Państwo Saint Lucia
44%
Państwo Saint Vincent i Grenadyny
44%
Państwo Seszele
44%
Państwo Singapur
44%
Państwo Sudan
44%
Państwo Sudan Południowy
44%
Państwo Tajwan
44%
Państwo Zjednoczone Emiraty Arabskie
44%
Państwo Bangladesz
43%
Państwo Botswana
43%
Państwo Haiti
43%
Państwo Haiti
43%
Państwo Izrael
43%
Państwo Jemen
43%
Państwo Kiribati
43%
Państwo Libia
43%
Państwo Malediwy
43%
Państwo Mauretania
43%
Państwo Monako
43%
Państwo Nowa Zelandia
43%
Państwo Oman
43%
Państwo Saint Kitts i Nevis
43%
Państwo Saint Kitts i Nevis
43%
Państwo Saint Lucia
43%
Państwo Serbia
43%
Państwo Angola
42%
Państwo Angola
42%
Państwo Austria
42%
Państwo Dżibuti
42%
Państwo Egipt
42%
Państwo Erytrea
42%
Państwo Filipiny
42%
Państwo Francja
42%
Państwo Gabon
42%
Państwo Gambia
42%
Państwo Indie
42%
Państwo Kosowo
42%
Państwo Macedonia Północna
42%
Państwo Malawi
42%
Państwo Malediwy
42%
Państwo Mozambik
42%
Państwo Nigeria
42%
Państwo Pakistan
42%
Państwo Serbia
42%
Państwo Sudan
42%
Państwo Sudan Południowy
42%
Państwo Tanzania
42%
Państwo Trynidad i Tobago
42%
Państwo Uganda
42%
Państwo Zambia
42%
Państwo Albania
41%
Państwo Burundi
41%
Państwo Chiny
41%
Państwo Etiopia
41%
Państwo Fidżi
41%
Państwo Francja
41%
Państwo Gujana
41%
Państwo Haiti
41%
Państwo Kamerun
41%
Państwo Kiribati
41%
Państwo Kiribati
41%
Państwo Kuwejt
41%
Państwo Malawi
41%
Państwo Mali
41%
Państwo Nauru
41%
Państwo Nauru
41%
Państwo Nikaragua
41%
Państwo Nowa Zelandia
41%
Państwo Papua-Nowa Gwinea
41%
Państwo Portugalia
41%
Państwo Saint Kitts i Nevis
41%
Państwo Saint Lucia
41%
Państwo Samoa
41%
Państwo Samoa
41%
Państwo Somalia
41%
Państwo Sudan
41%
Państwo Timor Wschodni
41%
Państwo Tonga
41%
Państwo Tuvalu
41%
Państwo Watykan
41%
Państwo Albania
40%
Państwo Albania
40%
Państwo Austria
40%
Państwo Barbados
40%
Państwo Bośnia i Hercegowina
40%
Państwo Bułgaria
40%
Państwo Burundi
40%
Państwo Chorwacja
40%
Państwo Czarnogóra
40%
Państwo Czarnogóra
40%
Państwo Dominika
40%
Państwo Gabon
40%
Państwo Gabon
40%
Państwo Gabon
40%
Państwo Ghana
40%
Państwo Gujana
40%
Państwo Gwatemala
40%
Państwo Gwinea Równikowa
40%
Państwo Kamerun
40%
Państwo Kamerun
40%
Państwo Kamerun
40%
Państwo Mjanma
40%
Państwo Nikaragua
40%
Państwo Palau
40%
Państwo Portugalia
40%
Państwo Republika Środkowoafrykańska
40%
Państwo Republika Środkowoafrykańska
40%
Państwo Saint Kitts i Nevis
40%
Państwo Saint Lucia
40%
Państwo Samoa
40%
Państwo San Marino
40%
Państwo Serbia
40%
Państwo Sudan
40%
Państwo Togo
40%
Państwo Togo
40%
Państwo Trynidad i Tobago
40%
Państwo Tunezja
40%
Państwo Węgry
40%
Państwo Wybrzeże Kości Słoniowej
40%
Państwo Afganistan
39%
Państwo Bahamy
39%
Państwo Bahamy
39%
Państwo Bośnia i Hercegowina
39%
Państwo Burundi
39%
Państwo Burundi
39%
Państwo Dominika
39%
Państwo Erytrea
39%
Państwo Etiopia
39%
Państwo Jemen
39%
Państwo Komory
39%
Państwo Liban
39%
Państwo Mikronezja
39%
Państwo Mozambik
39%
Państwo Nauru
39%
Państwo Portugalia
39%
Państwo Portugalia
39%
Państwo Rwanda
39%
Państwo Saint Lucia
39%
Państwo Saint Lucia
39%
Państwo Saint Vincent i Grenadyny
39%
Państwo Saint Vincent i Grenadyny
39%
Państwo Samoa
39%
Państwo Sri Lanka
39%
Państwo Tonga
39%
Państwo Wyspy Świętego Tomasza i Książeca
39%
Państwo Zjednoczone Emiraty Arabskie
39%
Państwo Algieria
38%
Państwo Angola
38%
Państwo Antigua i Barbuda
38%
Państwo Australia
38%
Państwo Bangladesz
38%
Państwo Bangladesz
38%
Państwo Barbados
38%
Państwo Bhutan
38%
Państwo Brunei
38%
Państwo Dominika
38%
Państwo Dominikana
38%
Państwo Dżibuti
38%
Państwo Erytrea
38%
Państwo Erytrea
38%
Państwo Etiopia
38%
Państwo Gwinea Bissau
38%
Państwo Holandia
38%
Państwo Katar
38%
Państwo Kenia
38%
Państwo Kolumbia
38%
Państwo Laos
38%
Państwo Malediwy
38%
Państwo Mikronezja
38%
Państwo Saint Kitts i Nevis
38%
Państwo Saint Lucia
38%
Państwo Saint Vincent i Grenadyny
38%
Państwo Samoa
38%
Państwo Seszele
38%
Państwo Sudan Południowy
38%
Państwo Tajwan
38%
Państwo Tonga
38%
Państwo Tuvalu
38%
Państwo Wyspy Salomona
38%
Państwo Wyspy Salomona
38%
Państwo Wyspy Salomona
38%
Państwo Bangladesz
37%
Państwo Bangladesz
37%
Państwo Burundi
37%
Państwo Laos
37%
Państwo Malawi
37%
Państwo Mozambik
37%
Państwo Palau
37%
Państwo Republika Środkowoafrykańska
37%
Państwo Rwanda
37%
Państwo Rwanda
37%
Państwo San Marino
37%
Państwo San Marino
37%
Państwo Tanzania
37%
Państwo Uganda
37%
Państwo Węgry
37%
Państwo Albania
36%
Państwo Antigua i Barbuda
36%
Państwo Bangladesz
36%
Państwo Belize
36%
Państwo Benin
36%
Państwo Benin
36%
Państwo Benin
36%
Państwo Benin
36%
Państwo Bośnia i Hercegowina
36%
Państwo Burundi
36%
Państwo Czarnogóra
36%
Państwo Czechy
36%
Państwo Czechy
36%
Państwo Dominika
36%
Państwo Dominikana
36%
Państwo Dominikana
36%
Państwo Francja
36%
Państwo Gambia
36%
Państwo Gambia
36%
Państwo Ghana
36%
Państwo Ghana
36%
Państwo Haiti
36%
Państwo Jamajka
36%
Państwo Kamerun
36%
Państwo Komory
36%
Państwo Liberia
36%
Państwo Liberia
36%
Państwo Macedonia Północna
36%
Państwo Malawi
36%
Państwo Malediwy
36%
Państwo Mali
36%
Państwo Monako
36%
Państwo Nikaragua
36%
Państwo Republika Zielonego Przylądka
36%
Państwo Republika Zielonego Przylądka
36%
Państwo Rumunia
36%
Państwo Sierra Leone
36%
Państwo Togo
36%
Państwo Węgry
36%
Państwo Wenezuela
36%
Państwo Wybrzeże Kości Słoniowej
36%
Państwo Albania
35%
Państwo Albania
35%
Państwo Bahrajn
35%
Państwo Dżibuti
35%
Państwo Egipt
35%
Państwo Gabon
35%
Państwo Honduras
35%
Państwo Irak
35%
Państwo Kiribati
35%
Państwo Komory
35%
Państwo Łotwa
35%
Państwo Malawi
35%
Państwo Mikronezja
35%
Państwo Nauru
35%
Państwo Papua-Nowa Gwinea
35%
Państwo Salwador
35%
Państwo San Marino
35%
Państwo Tanzania
35%
Państwo Wybrzeże Kości Słoniowej
35%
Państwo Wyspy Marshalla
35%
Państwo Wyspy Świętego Tomasza i Książeca
35%
Państwo Wyspy Świętego Tomasza i Książeca
35%
Państwo Fidżi
34%
Państwo Papua-Nowa Gwinea
34%
Państwo Tonga
34%
Państwo Vanuatu
34%
Państwo Antigua i Barbuda
33%
Państwo Bahamy
33%
Państwo Barbados
33%
Państwo Benin
33%
Państwo Burkina Faso
33%
Państwo Burkina Faso
33%
Państwo Cypr
33%
Państwo Demokratyczna Republika Konga
33%
Państwo Filipiny
33%
Państwo Francja
33%
Państwo Francja
33%
Państwo Ghana
33%
Państwo Grenada
33%
Państwo Gwinea
33%
Państwo Holandia
33%
Państwo Honduras
33%
Państwo Honduras
33%
Państwo Jamajka
33%
Państwo Kamerun
33%
Państwo Kamerun
33%
Państwo Kolumbia
33%
Państwo Komory
33%
Państwo Kuba
33%
Państwo Mjanma
33%
Państwo Nikaragua
33%
Państwo Nikaragua
33%
Państwo Papua-Nowa Gwinea
33%
Państwo Portugalia
33%
Państwo Republika Środkowoafrykańska
33%
Państwo Saint Kitts i Nevis
33%
Państwo Saint Lucia
33%
Państwo Saint Vincent i Grenadyny
33%
Państwo Sierra Leone
33%
Państwo Sudan Południowy
33%
Państwo Timor Wschodni
33%
Państwo Wenezuela
33%
Państwo Wybrzeże Kości Słoniowej
33%
Państwo Arabia Saudyjska
32%
Państwo Bośnia i Hercegowina
32%
Państwo Gujana
32%
Państwo Gwinea
32%
Państwo Hiszpania
32%
Państwo Jemen
32%
Państwo Kuba
32%
Państwo Liberia
32%
Państwo Madagaskar
32%
Państwo Mali
32%
Państwo Nikaragua
32%
Państwo Palau
32%
Państwo Republika Zielonego Przylądka
32%
Państwo Saint Vincent i Grenadyny
32%
Państwo Senegal
32%
Państwo Serbia
32%
Państwo Sierra Leone
32%
Państwo Surinam
32%
Państwo Surinam
32%
Państwo Wybrzeże Kości Słoniowej
32%
Państwo Burundi
31%
Państwo Chorwacja
31%
Państwo Erytrea
31%
Państwo Grenada
31%
Państwo Indonezja
31%
Państwo Indonezja
31%
Państwo Kiribati
31%
Państwo Malawi
31%
Państwo Palau
31%
Państwo Timor Wschodni
31%
Państwo Trynidad i Tobago
31%
Państwo Wyspy Marshalla
31%
Państwo Wyspy Świętego Tomasza i Książeca
31%
Państwo Białoruś
30%
Państwo Cypr
30%
Państwo Dominikana
30%
Państwo Francja
30%
Państwo Jordania
30%
Państwo Kamerun
30%
Państwo Macedonia Północna
30%
Państwo Republika Zielonego Przylądka
30%
Państwo Saint Vincent i Grenadyny
30%
Państwo San Marino
30%
Państwo Sudan Południowy
30%
Państwo Wyspy Świętego Tomasza i Książeca
30%
Państwo Brunei
29%
Państwo Bułgaria
29%
Państwo Chorwacja
29%
Państwo Chorwacja
29%
Państwo Czarnogóra
29%
Państwo Erytrea
29%
Państwo Filipiny
29%
Państwo Kolumbia
29%
Państwo Mikronezja
29%
Państwo Republika Zielonego Przylądka
29%
Państwo Saint Kitts i Nevis
29%
Państwo San Marino
29%
Państwo Słowacja
29%
Państwo Uganda
29%
Państwo Wenezuela
29%
Państwo Dżibuti
28%
Państwo Ekwador
28%
Państwo Francja
28%
Państwo Ghana
28%
Państwo Gwinea Bissau
28%
Państwo Jamajka
28%
Państwo Nikaragua
28%
Państwo Peru
28%
Państwo Saint Kitts i Nevis
28%
Państwo Seszele
28%
Państwo Trynidad i Tobago
28%
Państwo Wybrzeże Kości Słoniowej
28%
Państwo Antigua i Barbuda
27%
Państwo Arabia Saudyjska
27%
Państwo Arabia Saudyjska
27%
Państwo Australia
27%
Państwo Bahamy
27%
Państwo Bośnia i Hercegowina
27%
Państwo Chorwacja
27%
Państwo Ghana
27%
Państwo Ghana
27%
Państwo Gwinea
27%
Państwo Gwinea Bissau
27%
Państwo Holandia
27%
Państwo Holandia
27%
Państwo Holandia
27%
Państwo Honduras
27%
Państwo Kuba
27%
Państwo Liberia
27%
Państwo Republika Środkowoafrykańska
27%
Państwo Serbia
27%
Państwo Wybrzeże Kości Słoniowej
27%
Państwo Antigua i Barbuda
26%
Państwo Madagaskar
26%
Państwo Palau
26%
Państwo Antigua i Barbuda
25%
Państwo Belize
25%
Państwo Białoruś
25%
Państwo Bośnia i Hercegowina
25%
Państwo Burkina Faso
25%
Państwo Filipiny
25%
Państwo Gwinea Bissau
25%
Państwo Honduras
25%
Państwo Jamajka
25%
Państwo Kolumbia
25%
Państwo Kolumbia
25%
Państwo Liberia
25%
Państwo Mikronezja
25%
Państwo Mikronezja
25%
Państwo Nauru
25%
Państwo Oman
25%
Państwo Palau
25%
Państwo Samoa
25%
Państwo Tuvalu
25%
Państwo Wenezuela
25%
Państwo Wenezuela
25%
Państwo Honduras
24%
Państwo Mikronezja
24%
Państwo Monako
24%
Państwo Tunezja
24%
Państwo Tuvalu
24%
Państwo Zjednoczone Emiraty Arabskie
24%
Państwo Bangladesz
23%
Państwo Czarnogóra
23%
Państwo Gambia
23%
Państwo Gujana
23%
Państwo Gwinea Bissau
23%
Państwo Mjanma
23%
Państwo Republika Środkowoafrykańska
23%
Państwo Republika Zielonego Przylądka
23%
Państwo Sierra Leone
23%
Państwo Surinam
23%
Państwo Bahrajn
22%
Państwo Gwatemala
22%
Państwo Holandia
22%
Państwo Jemen
22%
Państwo Jemen
22%
Państwo Kostaryka
22%
Państwo Łotwa
22%
Państwo Malediwy
22%
Państwo Mjanma
22%
Państwo Palau
22%
Państwo Salwador
22%
Państwo Tonga
22%
Państwo Wenezuela
22%
Państwo Antigua i Barbuda
21%
Państwo Austria
21%
Państwo Białoruś
21%
Państwo Gwatemala
21%
Państwo Gwinea Bissau
21%
Państwo Kolumbia
21%
Państwo Komory
21%
Państwo Kosowo
21%
Państwo Mjanma
21%
Państwo Salwador
21%
Państwo Seszele
21%
Państwo Holandia
20%
Państwo Jamajka
20%
Państwo Jamajka
20%
Państwo Seszele
20%
Państwo Uganda
20%
Państwo Bahamy
19%
Państwo Kolumbia
19%
Państwo Wenezuela
19%
Państwo Czechy
18%
Państwo Gujana
18%
Państwo Haiti
18%
Państwo Holandia
18%
Państwo Kenia
18%
Państwo Kolumbia
18%
Państwo Kolumbia
18%
Państwo Kuba
18%
Państwo Nikaragua
18%
Państwo Saint Kitts i Nevis
18%
Państwo Salwador
18%
Państwo Sudan
18%
Państwo Wenezuela
18%
Państwo Belize
17%
Państwo Ekwador
17%
Państwo Gujana
17%
Państwo Gwatemala
17%
Państwo Holandia
17%
Państwo Malediwy
17%
Państwo Peru
17%
Państwo Republika Zielonego Przylądka
17%
Państwo Republika Zielonego Przylądka
17%
Państwo Bułgaria
16%
Państwo Gujana
16%
Państwo Oman
16%
Państwo Oman
16%
Państwo Republika Zielonego Przylądka
16%
Państwo Sudan Południowy
16%
Państwo Holandia
15%
Państwo Papua-Nowa Gwinea
15%
Państwo Wyspy Świętego Tomasza i Książeca
15%
Państwo Arabia Saudyjska
14%
Państwo Francja
14%
Państwo Holandia
14%
Państwo Kolumbia
14%
Państwo Kolumbia
14%
Państwo Peru
14%
Państwo Belize
13%
Państwo Burkina Faso
13%
Państwo Gujana
13%
Państwo Holandia
13%
Państwo Honduras
13%
Państwo Sudan
13%
Państwo Wietnam
13%
Państwo Łotwa
12%
Państwo Macedonia Północna
12%
Państwo Papua-Nowa Gwinea
12%
Państwo Wietnam
12%
Państwo Wietnam
12%
Państwo Ghana
11%
Państwo Senegal
11%
Państwo Sudan
11%
Państwo Wybrzeże Kości Słoniowej
11%
Państwo Arabia Saudyjska
10%
Państwo Ekwador
10%
Państwo Holandia
10%
Państwo Jemen
10%
Państwo Palau
10%
Państwo Antigua i Barbuda
9%
Państwo Dominika
9%
Państwo Dominikana
9%
Państwo Grenada
9%
Państwo Honduras
9%
Państwo Trynidad i Tobago
9%
Państwo Holandia
8%
Państwo Sierra Leone
8%
Państwo San Marino
7%
Państwo Salwador
6%
Państwo Gambia
5%
Państwo Gwinea
5%
Państwo Gwinea Bissau
5%
Państwo Liberia
5%
Państwo Mali
5%
Państwo Republika Zielonego Przylądka
5%
Państwo Sierra Leone
5%
Państwo Bahamy
0%
Państwo Benin
0%
Państwo Holandia
0%
Państwo Kostaryka
0%
Państwo Saint Kitts i Nevis
0%
Państwo Saint Lucia
0%
Państwo Saint Vincent i Grenadyny
0%
Nie znaleziono quizów pasujących do podanych kryteriów
Rozkład punktacji
Procent ludzi z każdym wynikiem
Percentyl według liczby udzielonych odpowiedzi
Twoja historia wyników
Nie rozwiązałeś tego quizu